{"text_format":"3","workbook":"xlsx","n_sheets":2,"sheets":["SUMMARY","MATERIAL TAKE-OFF"],"not_rendered":{"charts":1,"images":3,"defined_names":3},"read":"whole","date_system":"1900"}

{"sheet":"SUMMARY","index":0,"n_rows":18,"n_cols":4,"rows_kept":18,"merged":[[13,0,13,3]]}
[]
["Project ID:"]
[]
["Address:"]
[]
["No. of Floors:",1]
[]
["Building GSF",2500]
[]
["DIVISION NO.","DESCRIPTION","TOTAL DIV. COST","TOTAL DIV. COST (PER SF)"]
[1000,"General Requirements",{"$f":"'MATERIAL TAKE-OFF'!P19","v":{"v":34672.644650310525,"d":"$34,673"}},{"$f":"C11/$B$8","v":{"v":13.86905786012421,"d":"$13.87"}}]
[9000,"Finishes",{"$f":"'MATERIAL TAKE-OFF'!P324","v":{"v":250706.03507093652,"d":"$250,706"}},{"$f":"C12/$B$8","v":{"v":100.2824140283746,"d":"$100.28"}}]
["PROJECTED COST",null,{"$f":"SUM(C11:C12)","v":285378.67972124706},{"$f":"SUM(D11:D12)","v":114.15147188849882}]
[]
["OVERHEAD AND PROFIT",{"v":0.2,"d":"20%"},{"$f":"$C$13*B15","v":{"v":57075.73594424941,"d":"$57,076"}},{"$f":"$D$13*B15","v":{"v":22.830294377699765,"d":"$23"}}]
["INSURANCE",{"v":0.03,"d":"3%"},{"$f":"$C$13*B16","v":{"v":8561.360391637412,"d":"$8,561"}},{"$f":"$D$13*B16","v":{"v":3.4245441566549646,"d":"$3"}}]
["CONTINGENCY",{"v":0.05,"d":"5%"},{"$f":"$C$13*B17","v":{"v":14268.933986062353,"d":"$14,269"}},{"$f":"$D$13*B17","v":{"v":5.707573594424941,"d":"$6"}}]
["SUGGESTED BASE BID",null,{"$f":"SUM(C13:C17)","v":365284.7100431963},{"$f":"SUM(D13:D17)","v":146.11388401727848}]

{"sheet":"MATERIAL TAKE-OFF","index":1,"n_rows":342,"n_cols":17,"rows_kept":342,"merged":[[2,10,2,11],[2,12,2,13],[3,10,3,11],[3,12,3,13],[4,10,4,11],[4,12,4,13],[5,10,5,11],[5,12,5,13],[6,10,6,11],[6,12,6,13],[7,10,7,11],[7,12,7,13],[10,1,10,14],[20,1,20,14],[22,1,38,1],[40,1,254,1],[256,1,287,1],[289,1,303,1],[305,1,318,1],[324,0,324,12],[325,0,325,13],[326,0,326,13],[327,0,327,13],[328,0,328,13],[329,0,329,12],[331,1,331,14]]}
[]
[]
["Project: "]
[]
["Address:"]
[]
["Scope:","FINISHES"]
[]
["Date:"]
["SR #","REF","DESCRIPTION","QUANTITY","UNIT","WASTAGE","QUANTITY W/ WASTAGE","LABOR HOURS","WAGES","TOTAL LABOR  HOUR","TOTAL LABOUR COST","MATERIAL RATE","TOTAL MATETRIAL COST","EQUIPMENT RATE","TOTAL EQUIPMENT COSTS","SUB COST"]
[null,"01. GENERAL REQUIREMENTS"]
[1,null,"Supervision and Coordination",1,"LS",{"v":0,"d":"0%"},{"$f":"(F12*D12)+D12","v":{"v":1,"d":"1.00"}},{"$f":"2.5%*$Q$12/I12","v":{"v":71.29622200857028,"d":"71.296"}},{"v":87.91,"d":"$87.91"},{"$f":"H12*G12","v":{"v":71.29622200857028,"d":"71.30"}},{"$f":"I12*J12","v":{"v":6267.650876773413,"d":"$6,267.65"}},{"v":0,"d":"$0.00"},{"$f":"L12*G12","v":{"v":0,"d":"$0.00"}},{"v":0,"d":"$0.00"},{"$f":"N12*G12","v":{"v":0,"d":"$0.00"}},{"$f":"IF(D12=\"\",\"\",(K12+M12+O12))","v":{"v":6267.650876773413,"d":"$6,267.65"}},{"$f":"SUM(P22:P324)/2","v":{"v":250706.03507093652,"d":"$250,706.04"}}]
[{"$f":"A12+1","v":2},null,"Submittals and Shop drawings",1,"LS",{"v":0,"d":"0%"},{"v":1,"d":"1.00"},{"$f":"1.65%*$Q$12/I13","v":{"v":47.055506525656384,"d":"47.056"}},{"v":87.91,"d":"$87.91"},{"v":47.055506525656384,"d":"47.06"},{"v":4136.649578670453,"d":"$4,136.65"},{"v":0,"d":"$0.00"},{"v":0,"d":"$0.00"},{"v":0,"d":"$0.00"},{"v":0,"d":"$0.00"},{"v":4136.649578670453,"d":"$4,136.65"}]
[3,null,"Final Cleaning",1,"LS",{"v":0,"d":"0%"},{"v":1,"d":"1.00"},{"$f":"0.85%*$Q$12/I14","v":{"v":24.240715482913895,"d":"24.241"}},{"v":87.91,"d":"$87.91"},{"v":24.240715482913895,"d":"24.24"},{"v":2131.0012981029604,"d":"$2,131.00"},{"v":0,"d":"$0.00"},{"v":0,"d":"$0.00"},{"v":0,"d":"$0.00"},{"v":0,"d":"$0.00"},{"v":2131.0012981029604,"d":"$2,131.00"}]
[4,null,"Mobilization Costs",1,"LS",{"v":0,"d":"0%"},{"v":1,"d":"1.00"},{"$f":"2.35%*$Q$12/I15","v":{"v":67.01844868805605,"d":"67.018"}},{"v":87.91,"d":"$87.91"},{"v":67.01844868805605,"d":"67.02"},{"v":5891.591824167008,"d":"$5,891.59"},{"v":0,"d":"$0.00"},{"v":0,"d":"$0.00"},{"v":0,"d":"$0.00"},{"v":0,"d":"$0.00"},{"v":5891.591824167008,"d":"$5,891.59"}]
[5,null,"Bond @ 2%",1,"LS",{"v":0,"d":"0%"},{"v":1,"d":"1.00"},{"$f":"2%*$Q$12/I16","v":{"v":57.03697760685622,"d":"57.037"}},{"v":87.91,"d":"$87.91"},{"v":57.03697760685622,"d":"57.04"},{"v":5014.12070141873,"d":"$5,014.12"},{"v":0,"d":"$0.00"},{"v":0,"d":"$0.00"},{"v":0,"d":"$0.00"},{"v":0,"d":"$0.00"},{"v":5014.12070141873,"d":"$5,014.12"}]
[6,null,"Temporary Control & Facilities",1,"LS",{"v":0,"d":"0%"},{"v":1,"d":"1.00"},{"$f":"0.98%*$Q$12/I17","v":{"v":27.94811902735955,"d":"27.948"}},{"v":87.91,"d":"$87.91"},{"v":27.94811902735955,"d":"27.95"},{"v":2456.919143695178,"d":"$2,456.92"},{"v":0,"d":"$0.00"},{"v":0,"d":"$0.00"},{"v":0,"d":"$0.00"},{"v":0,"d":"$0.00"},{"v":2456.919143695178,"d":"$2,456.92"}]
[7,null,"Scaffolding",1,"LS",{"v":0,"d":"0%"},{"v":1,"d":"1.00"},{"$f":"3.5%*$Q$12/I18","v":{"v":99.81471081199841,"d":"99.815"}},{"v":87.91,"d":"$87.91"},{"v":99.81471081199841,"d":"99.81"},{"v":8774.71122748278,"d":"$8,774.71"},{"v":0,"d":"$0.00"},{"v":0,"d":"$0.00"},{"v":0,"d":"$0.00"},{"v":0,"d":"$0.00"},{"v":8774.71122748278,"d":"$8,774.71"}]
[{"$f":"IF(E19=0,\"\",1+MAX(#REF!))","v":""},{"$nulls":13},"SUBTOTAL",{"$f":"SUM(P12:P18)","v":{"v":34672.644650310525,"d":"$34,672.64"}}]
[{"$f":"IF(E20=0,\"\",1+MAX(A19:A19))","v":""}]
[{"$f":"IF(E21=0,\"\",1+MAX(A19:A20))","v":""},"09. FINISHES"]
[{"$f":"IF(E22=0,\"\",1+MAX(A19:A21))","v":""},null,"Floor Finishes"]
[{"$f":"IF(D23=0,\"\",1+MAX(A$12:A22))","v":8},null,"FT-1: Wood Floor Tile\n - Mfr: Trinity Surfaces\n - Style: Coastal Wood\n - Color: Cliff wood\n - Size: 8\"x24\" Rectified Matte\n - Grout: Tec 929, Charcoal Grey, 1/2\" Joint Bond",{"v":2713.09,"d":"2,713.09"},"SF",{"v":0.1,"d":"10%"},{"$f":"(F23*D23)+D23","v":{"v":2984.3990000000003,"d":"2984.40"}},{"v":0.055,"d":"0.06"},{"v":42.88,"d":"$42.88"},{"$f":"H23*G23","v":{"v":164.14194500000002,"d":"164.14"}},{"$f":"I23*J23","v":{"v":7038.4066016000015,"d":"$7,038.41"}},{"v":3.05,"d":"$3.05"},{"$f":"L23*G23","v":{"v":9102.41695,"d":"$9,102.42"}},{"v":0,"d":"$0.00"},{"$f":"N23*G23","v":{"v":0,"d":"$0.00"}},{"$f":"IF(D23=\"\",\"\",(K23+M23+O23))","v":{"v":16140.823551600002,"d":"$16,140.82"}}]
[{"$f":"IF(D24=0,\"\",1+MAX(A$12:A23))","v":9},null,"FT-2: Vidal Floor Tile\r\n - Mfr: Trinity Surfaces\r\n - Style: Vidal\r\n - Color: Still Water -Matte\r\n - Size: 24\"x24\"\r\n - Grout: Tec 934 Slate Gray, 1/16\" Joint Bond",284.52,"SF",{"v":0.1,"d":"10%"},{"v":312.972,"d":"312.97"},{"v":0.065,"d":"0.07"},{"v":42.88,"d":"$42.88"},{"v":20.34318,"d":"20.34"},{"v":872.3155584000001,"d":"$872.32"},{"v":4.68,"d":"$4.68"},{"v":1464.7089599999997,"d":"$1,464.71"},{"v":0,"d":"$0.00"},{"v":0,"d":"$0.00"},{"v":2337.0245183999996,"d":"$2,337.02"}]
[{"$f":"IF(D25=0,\"\",1+MAX(A$12:A24))","v":10},null,"RF-1: Resin Floor\r\n - Mfr: Silica\r\n - Style: 61CQ\r\n - Color: Quartz Blend #4\r\n - Size: Poured In Place",{"v":2196.78,"d":"2,196.78"},"SF",{"v":0.1,"d":"10%"},{"v":2416.458,"d":"2416.46"},0.05,{"v":42.88,"d":"$42.88"},{"v":120.8229,"d":"120.82"},{"v":5180.8859520000005,"d":"$5,180.89"},{"v":5.48,"d":"$5.48"},{"v":13242.189840000001,"d":"$13,242.19"},{"v":0,"d":"$0.00"},{"v":0,"d":"$0.00"},{"v":18423.075792000003,"d":"$18,423.08"}]
[{"$f":"IF(D26=0,\"\",1+MAX(A$12:A25))","v":11},null,"QT-1: Flooring",48.64,"SF",{"v":0.1,"d":"10%"},{"v":53.504000000000005,"d":"53.50"},{"v":0.089,"d":"0.09"},{"v":42.88,"d":"$42.88"},{"v":4.761856,"d":"4.76"},{"v":204.18838528,"d":"$204.19"},{"v":5.19,"d":"$5.19"},{"v":277.6857600000001,"d":"$277.69"},{"v":0,"d":"$0.00"},{"v":0,"d":"$0.00"},{"v":481.8741452800001,"d":"$481.87"}]
[{"$f":"IF(D27=0,\"\",1+MAX(A$12:A26))","v":""},null,"Base, Trims & Transitions"]
[{"$f":"IF(D28=0,\"\",1+MAX(A$12:A27))","v":12},null,"RF-1: 6\" High Integral Resin Floor Cove Base\r\n - Mfr: Silica\r\n - Style: 61CQ\r\n - Color: Quartz Blend #4\r\n - Size: 6\" High",463.56,"LF",{"v":0.1,"d":"10%"},{"$f":"(F28*D28)+D28","v":{"v":509.916,"d":"509.92"}},0.04,{"v":42.88,"d":"$42.88"},{"$f":"H28*G28","v":{"v":20.39664,"d":"20.40"}},{"$f":"I28*J28","v":{"v":874.6079232000001,"d":"$874.61"}},{"v":3.29,"d":"$3.29"},{"$f":"L28*G28","v":{"v":1677.62364,"d":"$1,677.62"}},{"v":0,"d":"$0.00"},{"$f":"N28*G28","v":{"v":0,"d":"$0.00"}},{"$f":"IF(D28=\"\",\"\",(K28+M28+O28))","v":{"v":2552.2315632,"d":"$2,552.23"}}]
[{"$f":"IF(D29=0,\"\",1+MAX(A$12:A28))","v":13},null,"TR-1: Metal Cove Trim\r\n - Mfr: Schuler\r\n - Style: Dilex-Ahk\r\n - Color: Black",161.49,"LF",{"v":0.1,"d":"10%"},{"v":177.639,"d":"177.64"},{"v":0.065,"d":"0.07"},{"v":42.88,"d":"$42.88"},{"v":11.546535,"d":"11.55"},{"v":495.11542080000004,"d":"$495.12"},{"v":6.737562189054727,"d":"$6.74"},{"v":1196.8538097014928,"d":"$1,196.85"},{"v":0,"d":"$0.00"},{"v":0,"d":"$0.00"},{"v":1691.9692305014928,"d":"$1,691.97"}]
[{"$f":"IF(D30=0,\"\",1+MAX(A$12:A29))","v":14},null,"FT-1: Wood Tile Wall Base \r\n - Mfr: Trinity Surfaces\r\n - Style: Coastal Wood\r\n - Color: Cliff wood\r\n - Size: 6\"x24\" Rectified Matte\r\n - Grout: Tec 929, Charcoal Grey, 1/2\" Joint Bond",30.73,"LF",{"v":0.1,"d":"10%"},{"v":33.803,"d":"33.80"},{"v":0.032,"d":"0.03"},{"v":42.88,"d":"$42.88"},{"v":1.081696,"d":"1.08"},{"v":46.38312448,"d":"$46.38"},{"v":1.85,"d":"$1.85"},{"v":62.53555,"d":"$62.54"},{"v":0,"d":"$0.00"},{"v":0,"d":"$0.00"},{"v":108.91867447999999,"d":"$108.92"}]
[{"$f":"IF(D31=0,\"\",1+MAX(A$12:A30))","v":15},null,"TRN-1: Floor Transition\r\n - Mfr: Schuler\r\n - Style: Reno-Tk\r\n - Color: Black",12.29,"LF",{"v":0.1,"d":"10%"},{"v":13.518999999999998,"d":"13.52"},{"v":0.048,"d":"0.05"},{"v":42.88,"d":"$42.88"},{"v":0.6489119999999999,"d":"0.65"},{"v":27.82534656,"d":"$27.83"},{"v":3.385,"d":"$3.39"},{"v":45.76181499999999,"d":"$45.76"},{"v":0,"d":"$0.00"},{"v":0,"d":"$0.00"},{"v":73.58716156,"d":"$73.59"}]
[{"$f":"IF(D32=0,\"\",1+MAX(A$12:A31))","v":16},null,"WS-1: Wood Stain Cap\r\n - Style: Legendary Natural",118.52,"LF",{"v":0.1,"d":"10%"},{"v":130.37199999999999,"d":"130.37"},{"v":0.052,"d":"0.05"},{"v":42.88,"d":"$42.88"},{"v":6.779343999999999,"d":"6.78"},{"v":290.69827072,"d":"$290.70"},{"v":3.49,"d":"$3.49"},{"v":454.99827999999997,"d":"$455.00"},{"v":0,"d":"$0.00"},{"v":0,"d":"$0.00"},{"v":745.69655072,"d":"$745.70"}]
[{"$f":"IF(D33=0,\"\",1+MAX(A$12:A32))","v":17},null,"WS-1: Wood Stain Trim\r\n - Style: Legendary Natural",171.38,"LF",{"v":0.1,"d":"10%"},{"v":188.518,"d":"188.52"},{"v":0.052,"d":"0.05"},{"v":42.88,"d":"$42.88"},{"v":9.802935999999999,"d":"9.80"},{"v":420.34989568,"d":"$420.35"},{"v":3.49,"d":"$3.49"},{"v":657.92782,"d":"$657.93"},{"v":0,"d":"$0.00"},{"v":0,"d":"$0.00"},{"v":1078.27771568,"d":"$1,078.28"}]
[{"$f":"IF(D34=0,\"\",1+MAX(A$12:A33))","v":18},null,"VB-1: Vinyl Base\n - Mfr: Tarkett\n - Style:  Mandalay Millwork\n - Color:  Burnt Umber",73.87,"LF",{"v":0.1,"d":"10%"},{"v":81.257,"d":"81.26"},{"v":0.036,"d":"0.04"},{"v":42.88,"d":"$42.88"},{"v":2.925252,"d":"2.93"},{"v":125.43480576,"d":"$125.43"},{"v":1.57975,"d":"$1.58"},{"v":128.36574575,"d":"$128.37"},{"v":0,"d":"$0.00"},{"v":0,"d":"$0.00"},{"v":253.80055151,"d":"$253.80"}]
[{"$f":"IF(D35=0,\"\",1+MAX(A$12:A34))","v":19},null,"1 x 6 Stained Wood Trim",14.14,"LF",{"v":0.1,"d":"10%"},{"v":15.554,"d":"15.55"},{"v":0.045,"d":"0.05"},{"v":42.88,"d":"$42.88"},{"v":0.6999299999999999,"d":"0.70"},{"v":30.0129984,"d":"$30.01"},{"v":2.205625,"d":"$2.21"},{"v":34.30629125,"d":"$34.31"},{"v":0,"d":"$0.00"},{"v":0,"d":"$0.00"},{"v":64.31928965,"d":"$64.32"}]
[{"$f":"IF(D36=0,\"\",1+MAX(A$12:A35))","v":20},null,"WS-1: 3 1/2\" Wood Stained Trim\n - Style:  Legendary Natural",182.67,"LF",{"v":0.1,"d":"10%"},{"v":200.93699999999998,"d":"200.94"},{"v":0.038,"d":"0.04"},{"v":42.88,"d":"$42.88"},{"v":7.635605999999999,"d":"7.64"},{"v":327.41478528,"d":"$327.41"},{"v":1.7666666666666666,"d":"$1.77"},{"v":354.98869999999994,"d":"$354.99"},{"v":0,"d":"$0.00"},{"v":0,"d":"$0.00"},{"v":682.4034852799999,"d":"$682.40"}]
[{"$f":"IF(D37=0,\"\",1+MAX(A$12:A36))","v":21},null,"5/4 x 6 CPVC Trim",34.42,"LF",{"v":0.1,"d":"10%"},{"v":37.862,"d":"37.86"},{"v":0.076,"d":"0.08"},{"v":42.88,"d":"$42.88"},{"v":2.8775120000000003,"d":"2.88"},{"v":123.38771456000002,"d":"$123.39"},{"v":4.0920000000000005,"d":"$4.09"},{"v":154.93130400000004,"d":"$154.93"},{"v":0,"d":"$0.00"},{"v":0,"d":"$0.00"},{"v":278.3190185600001,"d":"$278.32"}]
[{"$f":"IF(D38=0,\"\",1+MAX(A$12:A37))","v":22},null,"2\" x 6\" CPVC Sill ",34.42,"LF",{"v":0.1,"d":"10%"},{"v":37.862,"d":"37.86"},{"v":0.067,"d":"0.07"},{"v":42.88,"d":"$42.88"},{"v":2.536754,"d":"2.54"},{"v":108.77601152000001,"d":"$108.78"},{"v":3.890625,"d":"$3.89"},{"v":147.30684375,"d":"$147.31"},{"v":0,"d":"$0.00"},{"v":0,"d":"$0.00"},{"v":256.08285527000004,"d":"$256.08"}]
[{"$f":"IF(D39=0,\"\",1+MAX(A$12:A38))","v":23},null,"Pemko 2006 DV Threshold",17.95,"LF",{"v":0.1,"d":"10%"},{"v":19.744999999999997,"d":"19.75"},{"v":0.178,"d":"0.18"},{"v":42.88,"d":"$42.88"},{"v":3.5146099999999993,"d":"3.51"},{"v":150.7064768,"d":"$150.71"},{"v":18.46,"d":"$18.46"},{"v":364.49269999999996,"d":"$364.49"},{"v":0,"d":"$0.00"},{"v":0,"d":"$0.00"},{"v":515.1991767999999,"d":"$515.20"}]
[{"$f":"IF(D40=0,\"\",1+MAX(A$12:A39))","v":""},null,"Drywall "]
[{"$f":"IF(D41=0,\"\",1+MAX(A$12:A40))","v":24},null,"1-5/8\" Metal Stud Wall @ 24\" O.C (11'-0\" High)",32.84,"LF"]
[{"$f":"IF(D42=0,\"\",1+MAX(A$12:A41))","v":25},null,"1-5/8\" Metal Stud Furring @ 24\" O.c ",{"$f":"D41/2*11","v":180.62},"LF",{"v":0.1,"d":"10%"},{"$f":"(F42*D42)+D42","v":{"v":198.68200000000002,"d":"198.68"}},{"v":0.036,"d":"0.04"},{"v":42.88,"d":"$42.88"},{"$f":"H42*G42","v":{"v":7.152552,"d":"7.15"}},{"$f":"I42*J42","v":{"v":306.70142976,"d":"$306.70"}},{"v":1.34,"d":"$1.34"},{"$f":"L42*G42","v":{"v":266.23388000000006,"d":"$266.23"}},{"v":0,"d":"$0.00"},{"$f":"N42*G42","v":{"v":0,"d":"$0.00"}},{"$f":"IF(D42=\"\",\"\",(K42+M42+O42))","v":{"v":572.9353097600001,"d":"$572.94"}}]
[{"$f":"IF(D43=0,\"\",1+MAX(A$12:A42))","v":26},null,"5/8\" Gypsum Wall Board One Side (11'-0\" High) ",{"$f":"D41*11","v":361.24},"SF",{"v":0.1,"d":"10%"},{"v":397.36400000000003,"d":"397.36"}]
[{"$f":"IF(D44=0,\"\",1+MAX(A$12:A43))","v":27},null,"4'x8' No of Sheets",{"$f":"ROUNDUP(D43/32,0)","v":{"v":12,"d":"12.00"}},"SHEETS",{"v":0,"d":"0%"},{"v":12,"d":"12.00"},0.48,{"v":42.88,"d":"$42.88"},5.76,{"v":246.9888,"d":"$246.99"},{"v":17.86,"d":"$17.86"},{"v":214.32,"d":"$214.32"},{"v":0,"d":"$0.00"},{"v":0,"d":"$0.00"},{"v":461.3088,"d":"$461.31"}]
[{"$f":"IF(D45=0,\"\",1+MAX(A$12:A44))","v":28},null,"500' Tape Roll",{"$f":"ROUNDUP(D44*24/500,0)","v":{"v":1,"d":"1.00"}},"ROLLS",{"v":0,"d":"0%"},{"v":1,"d":"1.00"},{"v":5,"d":"5.00"},{"v":42.88,"d":"$42.88"},{"v":5,"d":"5.00"},{"v":214.4,"d":"$214.40"},{"v":16.75,"d":"$16.75"},{"v":16.75,"d":"$16.75"},{"v":0,"d":"$0.00"},{"v":0,"d":"$0.00"},{"v":231.15,"d":"$231.15"}]
[{"$f":"IF(D46=0,\"\",1+MAX(A$12:A45))","v":29},null,"Joint Compound",{"$f":"ROUNDUP(D43*0.053,0)","v":{"v":20,"d":"20.00"}},"LBS",{"v":0.1,"d":"10%"},{"v":22,"d":"22.00"},0.22,{"v":42.88,"d":"$42.88"},4.84,{"v":207.5392,"d":"$207.54"},{"v":0.5,"d":"$0.50"},{"v":11,"d":"$11.00"},{"v":0,"d":"$0.00"},{"v":0,"d":"$0.00"},{"v":218.5392,"d":"$218.54"}]
[{"$f":"IF(D47=0,\"\",1+MAX(A$12:A46))","v":30},null,"1-1/4\" Drywall Screws",{"$f":"ROUNDUP(D43*1.33,0)","v":{"v":481,"d":"481.00"}},"EA",{"v":0,"d":"0%"},{"v":481,"d":"481.00"},{"v":2E-3,"d":"0.00"},{"v":42.88,"d":"$42.88"},{"v":0.962,"d":"0.96"},{"v":41.25056,"d":"$41.25"},{"v":0.06,"d":"$0.06"},{"v":28.86,"d":"$28.86"},{"v":0,"d":"$0.00"},{"v":0,"d":"$0.00"},{"v":70.11055999999999,"d":"$70.11"}]
[{"$f":"IF(D48=0,\"\",1+MAX(A$12:A47))","v":31},null,"Sealant",{"$f":"D41*2","v":65.68},"LF",{"v":0.1,"d":"10%"},{"v":72.248,"d":"72.25"},{"v":0.025,"d":"0.03"},{"v":42.88,"d":"$42.88"},{"v":1.8062000000000002,"d":"1.81"},{"v":77.44985600000001,"d":"$77.45"},{"v":0.5,"d":"$0.50"},{"v":36.124,"d":"$36.12"},{"v":0,"d":"$0.00"},{"v":0,"d":"$0.00"},{"v":113.573856,"d":"$113.57"}]
[{"$f":"IF(D49=0,\"\",1+MAX(A$12:A48))","v":""}]
[{"$f":"IF(D50=0,\"\",1+MAX(A$12:A49))","v":32},null,"1-5/8\" Metal Stud Wall @ 24\" O.C (20'-0\" High)",100.55,"LF"]
[{"$f":"IF(D51=0,\"\",1+MAX(A$12:A50))","v":33},null,"1-5/8\" Metal Stud Furring @ 24\" O.c ",{"$f":"D50/2*20","v":{"v":1005.5,"d":"1,005.50"}},"LF",{"v":0.1,"d":"10%"},{"$f":"(F51*D51)+D51","v":1106.05},{"v":0.036,"d":"0.04"},{"v":42.88,"d":"$42.88"},{"$f":"H51*G51","v":{"v":39.8178,"d":"39.82"}},{"$f":"I51*J51","v":{"v":1707.387264,"d":"$1,707.39"}},{"v":1.34,"d":"$1.34"},{"$f":"L51*G51","v":{"v":1482.107,"d":"$1,482.11"}},{"v":0,"d":"$0.00"},{"$f":"N51*G51","v":{"v":0,"d":"$0.00"}},{"$f":"IF(D51=\"\",\"\",(K51+M51+O51))","v":{"v":3189.494264,"d":"$3,189.49"}}]
[{"$f":"IF(D52=0,\"\",1+MAX(A$12:A51))","v":34},null,"5/8\" Gypsum Wall Board One Side (11'-0\" High) ",{"$f":"D50*20","v":{"v":2011,"d":"2,011.00"}},"SF",{"v":0.1,"d":"10%"},{"v":2212.1,"d":"2212.10"}]
[{"$f":"IF(D53=0,\"\",1+MAX(A$12:A52))","v":35},null,"4'x8' No of Sheets",{"$f":"ROUNDUP(D52/32,0)","v":{"v":63,"d":"63.00"}},"SHEETS",{"v":0,"d":"0%"},{"v":63,"d":"63.00"},0.48,{"v":42.88,"d":"$42.88"},{"$f":"H53*G53","v":30.24},{"$f":"I53*J53","v":{"v":1296.6912,"d":"$1,296.69"}},{"v":17.86,"d":"$17.86"},{"$f":"L53*G53","v":{"v":1125.18,"d":"$1,125.18"}},{"v":0,"d":"$0.00"},{"$f":"N53*G53","v":{"v":0,"d":"$0.00"}},{"$f":"IF(D53=\"\",\"\",(K53+M53+O53))","v":{"v":2421.8712,"d":"$2,421.87"}}]
[{"$f":"IF(D54=0,\"\",1+MAX(A$12:A53))","v":36},null,"500' Tape Roll",{"$f":"ROUNDUP(D53*24/500,0)","v":{"v":4,"d":"4.00"}},"ROLLS",{"v":0,"d":"0%"},{"v":4,"d":"4.00"},{"v":5,"d":"5.00"},{"v":42.88,"d":"$42.88"},{"v":20,"d":"20.00"},{"v":857.6,"d":"$857.60"},{"v":16.75,"d":"$16.75"},{"v":67,"d":"$67.00"},{"v":0,"d":"$0.00"},{"v":0,"d":"$0.00"},{"v":924.6,"d":"$924.60"}]
[{"$f":"IF(D55=0,\"\",1+MAX(A$12:A54))","v":37},null,"Joint Compound",{"$f":"ROUNDUP(D52*0.053,0)","v":{"v":107,"d":"107.00"}},"LBS",{"v":0.1,"d":"10%"},{"v":117.7,"d":"117.70"},0.22,{"v":42.88,"d":"$42.88"},{"v":25.894000000000002,"d":"25.89"},{"v":1110.33472,"d":"$1,110.33"},{"v":0.5,"d":"$0.50"},{"v":58.85,"d":"$58.85"},{"v":0,"d":"$0.00"},{"v":0,"d":"$0.00"},{"v":1169.18472,"d":"$1,169.18"}]
[{"$f":"IF(D56=0,\"\",1+MAX(A$12:A55))","v":38},null,"1-1/4\" Drywall Screws",{"$f":"ROUNDUP(D52*1.33,0)","v":{"v":2675,"d":"2,675.00"}},"EA",{"v":0,"d":"0%"},{"v":2675,"d":"2675.00"},{"v":2E-3,"d":"0.00"},{"v":42.88,"d":"$42.88"},{"v":5.3500000000000005,"d":"5.35"},{"v":229.40800000000004,"d":"$229.41"},{"v":0.06,"d":"$0.06"},{"v":160.5,"d":"$160.50"},{"v":0,"d":"$0.00"},{"v":0,"d":"$0.00"},{"v":389.908,"d":"$389.91"}]
[{"$f":"IF(D57=0,\"\",1+MAX(A$12:A56))","v":39},null,"Sealant",{"$f":"D50*2","v":{"v":201.1,"d":"201.10"}},"LF",{"v":0.1,"d":"10%"},{"v":221.20999999999998,"d":"221.21"},{"v":0.025,"d":"0.03"},{"v":42.88,"d":"$42.88"},{"v":5.53025,"d":"5.53"},{"v":237.13712,"d":"$237.14"},{"v":0.5,"d":"$0.50"},{"v":110.60499999999999,"d":"$110.61"},{"v":0,"d":"$0.00"},{"v":0,"d":"$0.00"},{"v":347.74212,"d":"$347.74"}]
[{"$f":"IF(D58=0,\"\",1+MAX(A$12:A57))","v":""}]
[{"$f":"IF(D59=0,\"\",1+MAX(A$12:A58))","v":40},null,"3-5/8\" Metal Stud Wall @ 24\" O.C (2'-6\" High)",29.87,"LF"]
[{"$f":"IF(D60=0,\"\",1+MAX(A$12:A59))","v":41},null,"3-5/8\" Metal Stud @ 24\" O.c ",{"$f":"D59/2*2.5","v":{"v":37.3375,"d":"37.34"}},"LF",{"v":0.1,"d":"10%"},{"$f":"(F60*D60)+D60","v":{"v":41.07125,"d":"41.07"}},{"v":0.054,"d":"0.05"},{"v":42.88,"d":"$42.88"},{"$f":"H60*G60","v":{"v":2.2178475,"d":"2.22"}},{"$f":"I60*J60","v":{"v":95.1013008,"d":"$95.10"}},{"v":2.48,"d":"$2.48"},{"$f":"L60*G60","v":{"v":101.8567,"d":"$101.86"}},{"v":0,"d":"$0.00"},{"$f":"N60*G60","v":{"v":0,"d":"$0.00"}},{"$f":"IF(D60=\"\",\"\",(K60+M60+O60))","v":{"v":196.9580008,"d":"$196.96"}}]
[{"$f":"IF(D61=0,\"\",1+MAX(A$12:A60))","v":42},null,"3-5/8\" Top Plate",{"$f":"D59","v":29.87},"LF",{"v":0.1,"d":"10%"},{"v":32.857,"d":"32.86"},{"v":0.054,"d":"0.05"},{"v":42.88,"d":"$42.88"},{"v":1.774278,"d":"1.77"},{"v":76.08104064000001,"d":"$76.08"},{"v":2.48,"d":"$2.48"},{"v":81.48536,"d":"$81.49"},{"v":0,"d":"$0.00"},{"v":0,"d":"$0.00"},{"v":157.56640064,"d":"$157.57"}]
[{"$f":"IF(D62=0,\"\",1+MAX(A$12:A61))","v":43},null,"3-5/8\" Bottom Plate",{"$f":"D59","v":29.87},"LF",{"v":0.1,"d":"10%"},{"v":32.857,"d":"32.86"},{"v":0.054,"d":"0.05"},{"v":42.88,"d":"$42.88"},{"v":1.774278,"d":"1.77"},{"v":76.08104064000001,"d":"$76.08"},{"v":2.48,"d":"$2.48"},{"v":81.48536,"d":"$81.49"},{"v":0,"d":"$0.00"},{"v":0,"d":"$0.00"},{"v":157.56640064,"d":"$157.57"}]
[{"$f":"IF(D63=0,\"\",1+MAX(A$12:A62))","v":44},null,"5/8\" Gypsum Wall Board One Side (2'-6\" High) ",{"$f":"D59*2.5","v":{"v":74.675,"d":"74.68"}},"SF",{"v":0.1,"d":"10%"},{"v":82.1425,"d":"82.14"}]
[{"$f":"IF(D64=0,\"\",1+MAX(A$12:A63))","v":45},null,"4'x8' No of Sheets",{"$f":"ROUNDUP(D63/32,0)","v":{"v":3,"d":"3.00"}},"SHEETS",{"v":0,"d":"0%"},{"v":3,"d":"3.00"},0.48,{"v":42.88,"d":"$42.88"},{"$f":"H64*G64","v":1.44},{"$f":"I64*J64","v":{"v":61.7472,"d":"$61.75"}},{"v":17.86,"d":"$17.86"},{"$f":"L64*G64","v":{"v":53.58,"d":"$53.58"}},{"v":0,"d":"$0.00"},{"$f":"N64*G64","v":{"v":0,"d":"$0.00"}},{"$f":"IF(D64=\"\",\"\",(K64+M64+O64))","v":{"v":115.3272,"d":"$115.33"}}]
[{"$f":"IF(D65=0,\"\",1+MAX(A$12:A64))","v":46},null,"500' Tape Roll",{"$f":"ROUNDUP(D64*24/500,0)","v":{"v":1,"d":"1.00"}},"ROLLS",{"v":0,"d":"0%"},{"v":1,"d":"1.00"},{"v":5,"d":"5.00"},{"v":42.88,"d":"$42.88"},{"v":5,"d":"5.00"},{"v":214.4,"d":"$214.40"},{"v":16.75,"d":"$16.75"},{"v":16.75,"d":"$16.75"},{"v":0,"d":"$0.00"},{"v":0,"d":"$0.00"},{"v":231.15,"d":"$231.15"}]
[{"$f":"IF(D66=0,\"\",1+MAX(A$12:A65))","v":47},null,"Joint Compound",{"$f":"ROUNDUP(D63*0.053,0)","v":{"v":4,"d":"4.00"}},"LBS",{"v":0.1,"d":"10%"},{"v":4.4,"d":"4.40"},0.22,{"v":42.88,"d":"$42.88"},{"v":0.9680000000000001,"d":"0.97"},{"v":41.50784000000001,"d":"$41.51"},{"v":0.5,"d":"$0.50"},{"v":2.2,"d":"$2.20"},{"v":0,"d":"$0.00"},{"v":0,"d":"$0.00"},{"v":43.70784000000001,"d":"$43.71"}]
[{"$f":"IF(D67=0,\"\",1+MAX(A$12:A66))","v":48},null,"1-1/4\" Drywall Screws",{"$f":"ROUNDUP(D63*1.33,0)","v":{"v":100,"d":"100.00"}},"EA",{"v":0,"d":"0%"},{"v":100,"d":"100.00"},{"v":2E-3,"d":"0.00"},{"v":42.88,"d":"$42.88"},{"v":0.2,"d":"0.20"},{"v":8.576,"d":"$8.58"},{"v":0.06,"d":"$0.06"},{"v":6,"d":"$6.00"},{"v":0,"d":"$0.00"},{"v":0,"d":"$0.00"},{"v":14.576,"d":"$14.58"}]
[{"$f":"IF(D68=0,\"\",1+MAX(A$12:A67))","v":49},null,"5/8\" FRT Plywood One Side (2'-6\" High) ",{"$f":"D59*2.5","v":{"v":74.675,"d":"74.68"}},"SF",{"v":0.1,"d":"10%"},{"v":82.1425,"d":"82.14"}]
[{"$f":"IF(D69=0,\"\",1+MAX(A$12:A68))","v":50},null,"4'x8' No of Sheets",{"$f":"ROUNDUP(D68/32,0)","v":{"v":3,"d":"3.00"}},"SHEETS",{"v":0,"d":"0%"},{"v":3,"d":"3.00"},0.64,{"v":42.88,"d":"$42.88"},1.92,{"v":82.3296,"d":"$82.33"},{"v":47.4,"d":"$47.40"},{"v":142.2,"d":"$142.20"},{"v":0,"d":"$0.00"},{"v":0,"d":"$0.00"},{"v":224.5296,"d":"$224.53"}]
[{"$f":"IF(D70=0,\"\",1+MAX(A$12:A69))","v":51},null,"Sealant",{"$f":"D59*2","v":59.74},"LF",{"v":0.1,"d":"10%"},{"v":65.714,"d":"65.71"},{"v":0.025,"d":"0.03"},{"v":42.88,"d":"$42.88"},{"v":1.6428500000000001,"d":"1.64"},{"v":70.44540800000001,"d":"$70.45"},{"v":0.5,"d":"$0.50"},{"v":32.857,"d":"$32.86"},{"v":0,"d":"$0.00"},{"v":0,"d":"$0.00"},{"v":103.30240800000001,"d":"$103.30"}]
[{"$f":"IF(D71=0,\"\",1+MAX(A$12:A70))","v":""}]
[{"$f":"IF(D72=0,\"\",1+MAX(A$12:A71))","v":52},null,"3-5/8\" Metal Stud Wall @ 24\" O.C (3'-8\" High)",7.04,"LF"]
[{"$f":"IF(D73=0,\"\",1+MAX(A$12:A72))","v":53},null,"3-5/8\" Metal Stud @ 24\" O.c ",{"$f":"D72/2*3.67","v":{"v":12.9184,"d":"12.92"}},"LF",{"v":0.1,"d":"10%"},{"$f":"(F73*D73)+D73","v":{"v":14.21024,"d":"14.21"}},{"v":0.054,"d":"0.05"},{"v":42.88,"d":"$42.88"},{"$f":"H73*G73","v":{"v":0.76735296,"d":"0.77"}},{"$f":"I73*J73","v":{"v":32.9040949248,"d":"$32.90"}},{"v":2.48,"d":"$2.48"},{"$f":"L73*G73","v":{"v":35.2413952,"d":"$35.24"}},{"v":0,"d":"$0.00"},{"$f":"N73*G73","v":{"v":0,"d":"$0.00"}},{"$f":"IF(D73=\"\",\"\",(K73+M73+O73))","v":{"v":68.1454901248,"d":"$68.15"}}]
[{"$f":"IF(D74=0,\"\",1+MAX(A$12:A73))","v":54},null,"3-5/8\" Top Plate",{"$f":"D72","v":7.04},"LF",{"v":0.1,"d":"10%"},{"v":7.744,"d":"7.74"},{"v":0.054,"d":"0.05"},{"v":42.88,"d":"$42.88"},{"v":0.418176,"d":"0.42"},{"v":17.93138688,"d":"$17.93"},{"v":2.48,"d":"$2.48"},{"v":19.20512,"d":"$19.21"},{"v":0,"d":"$0.00"},{"v":0,"d":"$0.00"},{"v":37.13650688,"d":"$37.14"}]
[{"$f":"IF(D75=0,\"\",1+MAX(A$12:A74))","v":55},null,"3-5/8\" Bottom Plate",{"$f":"D72","v":7.04},"LF",{"v":0.1,"d":"10%"},{"v":7.744,"d":"7.74"},{"v":0.054,"d":"0.05"},{"v":42.88,"d":"$42.88"},{"v":0.418176,"d":"0.42"},{"v":17.93138688,"d":"$17.93"},{"v":2.48,"d":"$2.48"},{"v":19.20512,"d":"$19.21"},{"v":0,"d":"$0.00"},{"v":0,"d":"$0.00"},{"v":37.13650688,"d":"$37.14"}]
[{"$f":"IF(D76=0,\"\",1+MAX(A$12:A75))","v":56},null,"5/8\" Gypsum Wall Board Both Side (3'-8\" High) ",{"$f":"D72*3.67*2","v":{"v":51.6736,"d":"51.67"}},"SF",{"v":0.1,"d":"10%"},{"v":56.84096,"d":"56.84"}]
[{"$f":"IF(D77=0,\"\",1+MAX(A$12:A76))","v":57},null,"4'x8' No of Sheets",{"$f":"ROUNDUP(D76/32,0)","v":{"v":2,"d":"2.00"}},"SHEETS",{"v":0,"d":"0%"},{"v":2,"d":"2.00"},0.48,{"v":42.88,"d":"$42.88"},{"$f":"H77*G77","v":0.96},{"$f":"I77*J77","v":{"v":41.1648,"d":"$41.16"}},{"v":17.86,"d":"$17.86"},{"$f":"L77*G77","v":{"v":35.72,"d":"$35.72"}},{"v":0,"d":"$0.00"},{"$f":"N77*G77","v":{"v":0,"d":"$0.00"}},{"$f":"IF(D77=\"\",\"\",(K77+M77+O77))","v":{"v":76.8848,"d":"$76.88"}}]
[{"$f":"IF(D78=0,\"\",1+MAX(A$12:A77))","v":58},null,"500' Tape Roll",{"$f":"ROUNDUP(D77*24/500,0)","v":{"v":1,"d":"1.00"}},"ROLLS",{"v":0,"d":"0%"},{"v":1,"d":"1.00"},{"v":5,"d":"5.00"},{"v":42.88,"d":"$42.88"},{"v":5,"d":"5.00"},{"v":214.4,"d":"$214.40"},{"v":16.75,"d":"$16.75"},{"v":16.75,"d":"$16.75"},{"v":0,"d":"$0.00"},{"v":0,"d":"$0.00"},{"v":231.15,"d":"$231.15"}]
[{"$f":"IF(D79=0,\"\",1+MAX(A$12:A78))","v":59},null,"Joint Compound",{"$f":"ROUNDUP(D76*0.053,0)","v":{"v":3,"d":"3.00"}},"LBS",{"v":0.1,"d":"10%"},{"v":3.3,"d":"3.30"},0.22,{"v":42.88,"d":"$42.88"},{"v":0.726,"d":"0.73"},{"v":31.13088,"d":"$31.13"},{"v":0.5,"d":"$0.50"},{"v":1.65,"d":"$1.65"},{"v":0,"d":"$0.00"},{"v":0,"d":"$0.00"},{"v":32.78088,"d":"$32.78"}]
[{"$f":"IF(D80=0,\"\",1+MAX(A$12:A79))","v":60},null,"1-1/4\" Drywall Screws",{"$f":"ROUNDUP(D76*1.33,0)","v":{"v":69,"d":"69.00"}},"EA",{"v":0,"d":"0%"},{"v":69,"d":"69.00"},{"v":2E-3,"d":"0.00"},{"v":42.88,"d":"$42.88"},{"v":0.138,"d":"0.14"},{"v":5.917440000000001,"d":"$5.92"},{"v":0.06,"d":"$0.06"},{"v":4.14,"d":"$4.14"},{"v":0,"d":"$0.00"},{"v":0,"d":"$0.00"},{"v":10.05744,"d":"$10.06"}]
[{"$f":"IF(D81=0,\"\",1+MAX(A$12:A80))","v":61},null,"Sealant",{"$f":"D72*4","v":28.16},"LF",{"v":0.1,"d":"10%"},{"v":30.976,"d":"30.98"},{"v":0.025,"d":"0.03"},{"v":42.88,"d":"$42.88"},{"v":0.7744,"d":"0.77"},{"v":33.206272,"d":"$33.21"},{"v":0.5,"d":"$0.50"},{"v":15.488,"d":"$15.49"},{"v":0,"d":"$0.00"},{"v":0,"d":"$0.00"},{"v":48.694272,"d":"$48.69"}]
[{"$f":"IF(D82=0,\"\",1+MAX(A$12:A81))","v":""}]
[{"$f":"IF(D83=0,\"\",1+MAX(A$12:A82))","v":62},null,"3-5/8\" Metal Stud Wall @ 24\" O.C (4'-8\" High)",29.45,"LF"]
[{"$f":"IF(D84=0,\"\",1+MAX(A$12:A83))","v":63},null,"3-5/8\" Metal Stud @ 24\" O.c ",{"$f":"D83/2*4.67","v":{"v":68.76575,"d":"68.77"}},"LF",{"v":0.1,"d":"10%"},{"$f":"(F84*D84)+D84","v":{"v":75.642325,"d":"75.64"}},{"v":0.054,"d":"0.05"},{"v":42.88,"d":"$42.88"},{"$f":"H84*G84","v":{"v":4.08468555,"d":"4.08"}},{"$f":"I84*J84","v":{"v":175.15131638399998,"d":"$175.15"}},{"v":2.48,"d":"$2.48"},{"$f":"L84*G84","v":{"v":187.592966,"d":"$187.59"}},{"v":0,"d":"$0.00"},{"$f":"N84*G84","v":{"v":0,"d":"$0.00"}},{"$f":"IF(D84=\"\",\"\",(K84+M84+O84))","v":{"v":362.744282384,"d":"$362.74"}}]
[{"$f":"IF(D85=0,\"\",1+MAX(A$12:A84))","v":64},null,"3-5/8\" Top Plate",{"$f":"D83","v":29.45},"LF",{"v":0.1,"d":"10%"},{"v":32.394999999999996,"d":"32.40"},{"v":0.054,"d":"0.05"},{"v":42.88,"d":"$42.88"},{"v":1.7493299999999998,"d":"1.75"},{"v":75.0112704,"d":"$75.01"},{"v":2.48,"d":"$2.48"},{"v":80.33959999999999,"d":"$80.34"},{"v":0,"d":"$0.00"},{"v":0,"d":"$0.00"},{"v":155.3508704,"d":"$155.35"}]
[{"$f":"IF(D86=0,\"\",1+MAX(A$12:A85))","v":65},null,"3-5/8\" Bottom Plate",{"$f":"D83","v":29.45},"LF",{"v":0.1,"d":"10%"},{"v":32.394999999999996,"d":"32.40"},{"v":0.054,"d":"0.05"},{"v":42.88,"d":"$42.88"},{"v":1.7493299999999998,"d":"1.75"},{"v":75.0112704,"d":"$75.01"},{"v":2.48,"d":"$2.48"},{"v":80.33959999999999,"d":"$80.34"},{"v":0,"d":"$0.00"},{"v":0,"d":"$0.00"},{"v":155.3508704,"d":"$155.35"}]
[{"$f":"IF(D87=0,\"\",1+MAX(A$12:A86))","v":66},null,"5/8\" Gypsum Wall Board Both Side (4'-8\" High) ",{"$f":"D83*4.67*2","v":{"v":275.063,"d":"275.06"}},"SF",{"v":0.1,"d":"10%"},{"v":302.5693,"d":"302.57"}]
[{"$f":"IF(D88=0,\"\",1+MAX(A$12:A87))","v":67},null,"4'x8' No of Sheets",{"$f":"ROUNDUP(D87/32,0)","v":{"v":9,"d":"9.00"}},"SHEETS",{"v":0,"d":"0%"},{"v":9,"d":"9.00"},0.48,{"v":42.88,"d":"$42.88"},{"$f":"H88*G88","v":4.32},{"$f":"I88*J88","v":{"v":185.24160000000003,"d":"$185.24"}},{"v":17.86,"d":"$17.86"},{"$f":"L88*G88","v":{"v":160.74,"d":"$160.74"}},{"v":0,"d":"$0.00"},{"$f":"N88*G88","v":{"v":0,"d":"$0.00"}},{"$f":"IF(D88=\"\",\"\",(K88+M88+O88))","v":{"v":345.98160000000007,"d":"$345.98"}}]
[{"$f":"IF(D89=0,\"\",1+MAX(A$12:A88))","v":68},null,"500' Tape Roll",{"$f":"ROUNDUP(D88*24/500,0)","v":{"v":1,"d":"1.00"}},"ROLLS",{"v":0,"d":"0%"},{"v":1,"d":"1.00"},{"v":5,"d":"5.00"},{"v":42.88,"d":"$42.88"},{"v":5,"d":"5.00"},{"v":214.4,"d":"$214.40"},{"v":16.75,"d":"$16.75"},{"v":16.75,"d":"$16.75"},{"v":0,"d":"$0.00"},{"v":0,"d":"$0.00"},{"v":231.15,"d":"$231.15"}]
[{"$f":"IF(D90=0,\"\",1+MAX(A$12:A89))","v":69},null,"Joint Compound",{"$f":"ROUNDUP(D87*0.053,0)","v":{"v":15,"d":"15.00"}},"LBS",{"v":0.1,"d":"10%"},{"v":16.5,"d":"16.50"},0.22,{"v":42.88,"d":"$42.88"},3.63,{"v":155.6544,"d":"$155.65"},{"v":0.5,"d":"$0.50"},{"v":8.25,"d":"$8.25"},{"v":0,"d":"$0.00"},{"v":0,"d":"$0.00"},{"v":163.9044,"d":"$163.90"}]
[{"$f":"IF(D91=0,\"\",1+MAX(A$12:A90))","v":70},null,"1-1/4\" Drywall Screws",{"$f":"ROUNDUP(D87*1.33,0)","v":{"v":366,"d":"366.00"}},"EA",{"v":0,"d":"0%"},{"v":366,"d":"366.00"},{"v":2E-3,"d":"0.00"},{"v":42.88,"d":"$42.88"},{"v":0.732,"d":"0.73"},{"v":31.388160000000003,"d":"$31.39"},{"v":0.06,"d":"$0.06"},{"v":21.96,"d":"$21.96"},{"v":0,"d":"$0.00"},{"v":0,"d":"$0.00"},{"v":53.34816000000001,"d":"$53.35"}]
[{"$f":"IF(D92=0,\"\",1+MAX(A$12:A91))","v":71},null,"Sealant",{"$f":"D83*4","v":{"v":117.8,"d":"117.80"}},"LF",{"v":0.1,"d":"10%"},{"v":129.57999999999998,"d":"129.58"},{"v":0.025,"d":"0.03"},{"v":42.88,"d":"$42.88"},{"v":3.2394999999999996,"d":"3.24"},{"v":138.90975999999998,"d":"$138.91"},{"v":0.5,"d":"$0.50"},{"v":64.78999999999999,"d":"$64.79"},{"v":0,"d":"$0.00"},{"v":0,"d":"$0.00"},{"v":203.69975999999997,"d":"$203.70"}]
[{"$f":"IF(D93=0,\"\",1+MAX(A$12:A92))","v":""}]
[{"$f":"IF(D94=0,\"\",1+MAX(A$12:A93))","v":72},null,"3-5/8\" Metal Stud Wall @ 24\" O.C (8'-0\" High)",15.38,"LF"]
[{"$f":"IF(D95=0,\"\",1+MAX(A$12:A94))","v":73},null,"3-5/8\" Metal Stud @ 24\" O.c ",{"$f":"D94/2*8","v":61.52},"LF",{"v":0.1,"d":"10%"},{"$f":"(F95*D95)+D95","v":{"v":67.672,"d":"67.67"}},{"v":0.054,"d":"0.05"},{"v":42.88,"d":"$42.88"},{"$f":"H95*G95","v":{"v":3.6542879999999998,"d":"3.65"}},{"$f":"I95*J95","v":{"v":156.69586944,"d":"$156.70"}},{"v":2.48,"d":"$2.48"},{"$f":"L95*G95","v":{"v":167.82656,"d":"$167.83"}},{"v":0,"d":"$0.00"},{"$f":"N95*G95","v":{"v":0,"d":"$0.00"}},{"$f":"IF(D95=\"\",\"\",(K95+M95+O95))","v":{"v":324.52242944,"d":"$324.52"}}]
[{"$f":"IF(D96=0,\"\",1+MAX(A$12:A95))","v":74},null,"3-5/8\" Top Plate",{"$f":"D94","v":15.38},"LF",{"v":0.1,"d":"10%"},{"v":16.918,"d":"16.92"},{"v":0.054,"d":"0.05"},{"v":42.88,"d":"$42.88"},{"v":0.9135719999999999,"d":"0.91"},{"v":39.17396736,"d":"$39.17"},{"v":2.48,"d":"$2.48"},{"v":41.95664,"d":"$41.96"},{"v":0,"d":"$0.00"},{"v":0,"d":"$0.00"},{"v":81.13060736,"d":"$81.13"}]
[{"$f":"IF(D97=0,\"\",1+MAX(A$12:A96))","v":75},null,"3-5/8\" Bottom Plate",{"$f":"D94","v":15.38},"LF",{"v":0.1,"d":"10%"},{"v":16.918,"d":"16.92"},{"v":0.054,"d":"0.05"},{"v":42.88,"d":"$42.88"},{"v":0.9135719999999999,"d":"0.91"},{"v":39.17396736,"d":"$39.17"},{"v":2.48,"d":"$2.48"},{"v":41.95664,"d":"$41.96"},{"v":0,"d":"$0.00"},{"v":0,"d":"$0.00"},{"v":81.13060736,"d":"$81.13"}]
[{"$f":"IF(D98=0,\"\",1+MAX(A$12:A97))","v":76},null,"5/8\" Gypsum Wall Board Both Side (8'-0\" High) ",{"$f":"D94*8*2","v":246.08},"SF",{"v":0.1,"d":"10%"},{"v":270.688,"d":"270.69"}]
[{"$f":"IF(D99=0,\"\",1+MAX(A$12:A98))","v":77},null,"4'x8' No of Sheets",{"$f":"ROUNDUP(D98/32,0)","v":{"v":8,"d":"8.00"}},"SHEETS",{"v":0,"d":"0%"},{"v":8,"d":"8.00"},0.48,{"v":42.88,"d":"$42.88"},{"$f":"H99*G99","v":3.84},{"$f":"I99*J99","v":{"v":164.6592,"d":"$164.66"}},{"v":17.86,"d":"$17.86"},{"$f":"L99*G99","v":{"v":142.88,"d":"$142.88"}},{"v":0,"d":"$0.00"},{"$f":"N99*G99","v":{"v":0,"d":"$0.00"}},{"$f":"IF(D99=\"\",\"\",(K99+M99+O99))","v":{"v":307.5392,"d":"$307.54"}}]
[{"$f":"IF(D100=0,\"\",1+MAX(A$12:A99))","v":78},null,"500' Tape Roll",{"$f":"ROUNDUP(D99*24/500,0)","v":{"v":1,"d":"1.00"}},"ROLLS",{"v":0,"d":"0%"},{"v":1,"d":"1.00"},{"v":5,"d":"5.00"},{"v":42.88,"d":"$42.88"},{"v":5,"d":"5.00"},{"v":214.4,"d":"$214.40"},{"v":16.75,"d":"$16.75"},{"v":16.75,"d":"$16.75"},{"v":0,"d":"$0.00"},{"v":0,"d":"$0.00"},{"v":231.15,"d":"$231.15"}]
[{"$f":"IF(D101=0,\"\",1+MAX(A$12:A100))","v":79},null,"Joint Compound",{"$f":"ROUNDUP(D98*0.053,0)","v":{"v":14,"d":"14.00"}},"LBS",{"v":0.1,"d":"10%"},{"v":15.4,"d":"15.40"},0.22,{"v":42.88,"d":"$42.88"},{"v":3.388,"d":"3.39"},{"v":145.27744,"d":"$145.28"},{"v":0.5,"d":"$0.50"},{"v":7.7,"d":"$7.70"},{"v":0,"d":"$0.00"},{"v":0,"d":"$0.00"},{"v":152.97744,"d":"$152.98"}]
[{"$f":"IF(D102=0,\"\",1+MAX(A$12:A101))","v":80},null,"1-1/4\" Drywall Screws",{"$f":"ROUNDUP(D98*1.33,0)","v":{"v":328,"d":"328.00"}},"EA",{"v":0,"d":"0%"},{"v":328,"d":"328.00"},{"v":2E-3,"d":"0.00"},{"v":42.88,"d":"$42.88"},{"v":0.656,"d":"0.66"},{"v":28.12928,"d":"$28.13"},{"v":0.06,"d":"$0.06"},{"v":19.68,"d":"$19.68"},{"v":0,"d":"$0.00"},{"v":0,"d":"$0.00"},{"v":47.80928,"d":"$47.81"}]
[{"$f":"IF(D103=0,\"\",1+MAX(A$12:A102))","v":81},null,"Sealant",{"$f":"D94*4","v":61.52},"LF",{"v":0.1,"d":"10%"},{"v":67.672,"d":"67.67"},{"v":0.025,"d":"0.03"},{"v":42.88,"d":"$42.88"},{"v":1.6918,"d":"1.69"},{"v":72.54438400000001,"d":"$72.54"},{"v":0.5,"d":"$0.50"},{"v":33.836,"d":"$33.84"},{"v":0,"d":"$0.00"},{"v":0,"d":"$0.00"},{"v":106.380384,"d":"$106.38"}]
[{"$f":"IF(D104=0,\"\",1+MAX(A$12:A103))","v":""}]
[{"$f":"IF(D105=0,\"\",1+MAX(A$12:A104))","v":82},null,"3-5/8\" Metal Stud Wall @ 24\" O.C (10'-6\" High)",155.49,"LF"]
[{"$f":"IF(D106=0,\"\",1+MAX(A$12:A105))","v":83},null,"3-5/8\" Metal Stud @ 24\" O.c ",{"$f":"D105/2*10.5","v":{"v":816.3225,"d":"816.32"}},"LF",{"v":0.1,"d":"10%"},{"$f":"(F106*D106)+D106","v":{"v":897.95475,"d":"897.95"}},{"v":0.054,"d":"0.05"},{"v":42.88,"d":"$42.88"},{"$f":"H106*G106","v":{"v":48.4895565,"d":"48.49"}},{"$f":"I106*J106","v":{"v":2079.2321827200003,"d":"$2,079.23"}},{"v":2.48,"d":"$2.48"},{"$f":"L106*G106","v":{"v":2226.92778,"d":"$2,226.93"}},{"v":0,"d":"$0.00"},{"$f":"N106*G106","v":{"v":0,"d":"$0.00"}},{"$f":"IF(D106=\"\",\"\",(K106+M106+O106))","v":{"v":4306.15996272,"d":"$4,306.16"}}]
[{"$f":"IF(D107=0,\"\",1+MAX(A$12:A106))","v":84},null,"3-5/8\" Top Plate",{"$f":"D105","v":155.49},"LF",{"v":0.1,"d":"10%"},{"v":171.03900000000002,"d":"171.04"},{"v":0.054,"d":"0.05"},{"v":42.88,"d":"$42.88"},{"v":9.236106000000001,"d":"9.24"},{"v":396.0442252800001,"d":"$396.04"},{"v":2.48,"d":"$2.48"},{"v":424.17672000000005,"d":"$424.18"},{"v":0,"d":"$0.00"},{"v":0,"d":"$0.00"},{"v":820.2209452800001,"d":"$820.22"}]
[{"$f":"IF(D108=0,\"\",1+MAX(A$12:A107))","v":85},null,"3-5/8\" Bottom Plate",{"$f":"D105","v":155.49},"LF",{"v":0.1,"d":"10%"},{"v":171.03900000000002,"d":"171.04"},{"v":0.054,"d":"0.05"},{"v":42.88,"d":"$42.88"},{"v":9.236106000000001,"d":"9.24"},{"v":396.0442252800001,"d":"$396.04"},{"v":2.48,"d":"$2.48"},{"v":424.17672000000005,"d":"$424.18"},{"v":0,"d":"$0.00"},{"v":0,"d":"$0.00"},{"v":820.2209452800001,"d":"$820.22"}]
[{"$f":"IF(D109=0,\"\",1+MAX(A$12:A108))","v":86},null,"5/8\" Gypsum Wall Board Both Side (10'-6\" High) ",{"$f":"D105*10.5*2","v":{"v":3265.29,"d":"3,265.29"}},"SF",{"v":0.1,"d":"10%"},{"v":3591.819,"d":"3591.82"}]
[{"$f":"IF(D110=0,\"\",1+MAX(A$12:A109))","v":87},null,"4'x8' No of Sheets",{"$f":"ROUNDUP(D109/32,0)","v":{"v":103,"d":"103.00"}},"SHEETS",{"v":0,"d":"0%"},{"v":103,"d":"103.00"},0.48,{"v":42.88,"d":"$42.88"},{"$f":"H110*G110","v":49.44},{"$f":"I110*J110","v":{"v":2119.9872,"d":"$2,119.99"}},{"v":17.86,"d":"$17.86"},{"$f":"L110*G110","v":{"v":1839.58,"d":"$1,839.58"}},{"v":0,"d":"$0.00"},{"$f":"N110*G110","v":{"v":0,"d":"$0.00"}},{"$f":"IF(D110=\"\",\"\",(K110+M110+O110))","v":{"v":3959.5672,"d":"$3,959.57"}}]
[{"$f":"IF(D111=0,\"\",1+MAX(A$12:A110))","v":88},null,"500' Tape Roll",{"$f":"ROUNDUP(D110*24/500,0)","v":{"v":5,"d":"5.00"}},"ROLLS",{"v":0,"d":"0%"},{"v":5,"d":"5.00"},{"v":5,"d":"5.00"},{"v":42.88,"d":"$42.88"},{"v":25,"d":"25.00"},{"v":1072,"d":"$1,072.00"},{"v":16.75,"d":"$16.75"},{"v":83.75,"d":"$83.75"},{"v":0,"d":"$0.00"},{"v":0,"d":"$0.00"},{"v":1155.75,"d":"$1,155.75"}]
[{"$f":"IF(D112=0,\"\",1+MAX(A$12:A111))","v":89},null,"Joint Compound",{"$f":"ROUNDUP(D109*0.053,0)","v":{"v":174,"d":"174.00"}},"LBS",{"v":0.1,"d":"10%"},{"v":191.4,"d":"191.40"},0.22,{"v":42.88,"d":"$42.88"},{"v":42.108000000000004,"d":"42.11"},{"v":1805.5910400000002,"d":"$1,805.59"},{"v":0.5,"d":"$0.50"},{"v":95.7,"d":"$95.70"},{"v":0,"d":"$0.00"},{"v":0,"d":"$0.00"},{"v":1901.2910400000003,"d":"$1,901.29"}]
[{"$f":"IF(D113=0,\"\",1+MAX(A$12:A112))","v":90},null,"1-1/4\" Drywall Screws",{"$f":"ROUNDUP(D109*1.33,0)","v":{"v":4343,"d":"4,343.00"}},"EA",{"v":0,"d":"0%"},{"v":4343,"d":"4343.00"},{"v":2E-3,"d":"0.00"},{"v":42.88,"d":"$42.88"},{"v":8.686,"d":"8.69"},{"v":372.45568000000003,"d":"$372.46"},{"v":0.06,"d":"$0.06"},{"v":260.58,"d":"$260.58"},{"v":0,"d":"$0.00"},{"v":0,"d":"$0.00"},{"v":633.03568,"d":"$633.04"}]
[{"$f":"IF(D114=0,\"\",1+MAX(A$12:A113))","v":91},null,"Sealant",{"$f":"D105*4","v":621.96},"LF",{"v":0.1,"d":"10%"},{"v":684.1560000000001,"d":"684.16"},{"v":0.025,"d":"0.03"},{"v":42.88,"d":"$42.88"},{"v":17.103900000000003,"d":"17.10"},{"v":733.4152320000002,"d":"$733.42"},{"v":0.5,"d":"$0.50"},{"v":342.07800000000003,"d":"$342.08"},{"v":0,"d":"$0.00"},{"v":0,"d":"$0.00"},{"v":1075.4932320000003,"d":"$1,075.49"}]
[{"$f":"IF(D115=0,\"\",1+MAX(A$12:A114))","v":""}]
[{"$f":"IF(D116=0,\"\",1+MAX(A$12:A115))","v":92},null,"3-5/8\" Metal Stud Wall @ 24\" O.C (10'-6\" High)",18.85,"LF"]
[{"$f":"IF(D117=0,\"\",1+MAX(A$12:A116))","v":93},null,"3-5/8\" Metal Stud @ 24\" O.c ",{"$f":"D116/2*10.5","v":{"v":98.9625,"d":"98.96"}},"LF",{"v":0.1,"d":"10%"},{"$f":"(F117*D117)+D117","v":{"v":108.85875000000001,"d":"108.86"}},{"v":0.054,"d":"0.05"},{"v":42.88,"d":"$42.88"},{"$f":"H117*G117","v":{"v":5.878372500000001,"d":"5.88"}},{"$f":"I117*J117","v":{"v":252.06461280000005,"d":"$252.06"}},{"v":2.48,"d":"$2.48"},{"$f":"L117*G117","v":{"v":269.96970000000005,"d":"$269.97"}},{"v":0,"d":"$0.00"},{"$f":"N117*G117","v":{"v":0,"d":"$0.00"}},{"$f":"IF(D117=\"\",\"\",(K117+M117+O117))","v":{"v":522.0343128000001,"d":"$522.03"}}]
[{"$f":"IF(D118=0,\"\",1+MAX(A$12:A117))","v":94},null,"3-5/8\" Top Plate",{"$f":"D116","v":18.85},"LF",{"v":0.1,"d":"10%"},{"v":20.735000000000003,"d":"20.74"},{"v":0.054,"d":"0.05"},{"v":42.88,"d":"$42.88"},{"v":1.11969,"d":"1.12"},{"v":48.01230720000001,"d":"$48.01"},{"v":2.48,"d":"$2.48"},{"v":51.42280000000001,"d":"$51.42"},{"v":0,"d":"$0.00"},{"v":0,"d":"$0.00"},{"v":99.43510720000002,"d":"$99.44"}]
[{"$f":"IF(D119=0,\"\",1+MAX(A$12:A118))","v":95},null,"3-5/8\" Bottom Plate",{"$f":"D116","v":18.85},"LF",{"v":0.1,"d":"10%"},{"v":20.735000000000003,"d":"20.74"},{"v":0.054,"d":"0.05"},{"v":42.88,"d":"$42.88"},{"v":1.11969,"d":"1.12"},{"v":48.01230720000001,"d":"$48.01"},{"v":2.48,"d":"$2.48"},{"v":51.42280000000001,"d":"$51.42"},{"v":0,"d":"$0.00"},{"v":0,"d":"$0.00"},{"v":99.43510720000002,"d":"$99.44"}]
[{"$f":"IF(D120=0,\"\",1+MAX(A$12:A119))","v":96},null,"5/8\" Moisture Resistant Gypsum Wall Board One Side (10'-6\" High) ",{"$f":"D116*10.5","v":{"v":197.925,"d":"197.93"}},"SF",{"v":0.1,"d":"10%"},{"v":217.71750000000003,"d":"217.72"}]
[{"$f":"IF(D121=0,\"\",1+MAX(A$12:A120))","v":97},null,"4'x8' No of Sheets",{"$f":"ROUNDUP(D120/32,0)","v":{"v":7,"d":"7.00"}},"SHEETS",{"v":0,"d":"0%"},{"v":7,"d":"7.00"},0.48,{"v":42.88,"d":"$42.88"},{"$f":"H121*G121","v":3.36},{"$f":"I121*J121","v":{"v":144.0768,"d":"$144.08"}},{"v":23.98,"d":"$23.98"},{"$f":"L121*G121","v":{"v":167.86,"d":"$167.86"}},{"v":0,"d":"$0.00"},{"$f":"N121*G121","v":{"v":0,"d":"$0.00"}},{"$f":"IF(D121=\"\",\"\",(K121+M121+O121))","v":{"v":311.9368,"d":"$311.94"}}]
[{"$f":"IF(D122=0,\"\",1+MAX(A$12:A121))","v":98},null,"500' Tape Roll",{"$f":"ROUNDUP(D121*24/500,0)","v":{"v":1,"d":"1.00"}},"ROLLS",{"v":0,"d":"0%"},{"v":1,"d":"1.00"},{"v":5,"d":"5.00"},{"v":42.88,"d":"$42.88"},{"v":5,"d":"5.00"},{"v":214.4,"d":"$214.40"},{"v":16.75,"d":"$16.75"},{"v":16.75,"d":"$16.75"},{"v":0,"d":"$0.00"},{"v":0,"d":"$0.00"},{"v":231.15,"d":"$231.15"}]
[{"$f":"IF(D123=0,\"\",1+MAX(A$12:A122))","v":99},null,"Joint Compound",{"$f":"ROUNDUP(D120*0.053,0)","v":{"v":11,"d":"11.00"}},"LBS",{"v":0.1,"d":"10%"},{"v":12.1,"d":"12.10"},0.22,{"v":42.88,"d":"$42.88"},{"v":2.662,"d":"2.66"},{"v":114.14656000000001,"d":"$114.15"},{"v":0.5,"d":"$0.50"},{"v":6.05,"d":"$6.05"},{"v":0,"d":"$0.00"},{"v":0,"d":"$0.00"},{"v":120.19656,"d":"$120.20"}]
[{"$f":"IF(D124=0,\"\",1+MAX(A$12:A123))","v":100},null,"1-1/4\" Drywall Screws",{"$f":"ROUNDUP(D120*1.33,0)","v":{"v":264,"d":"264.00"}},"EA",{"v":0,"d":"0%"},{"v":264,"d":"264.00"},{"v":2E-3,"d":"0.00"},{"v":42.88,"d":"$42.88"},{"v":0.528,"d":"0.53"},{"v":22.64064,"d":"$22.64"},{"v":0.06,"d":"$0.06"},{"v":15.84,"d":"$15.84"},{"v":0,"d":"$0.00"},{"v":0,"d":"$0.00"},{"v":38.48064,"d":"$38.48"}]
[{"$f":"IF(D125=0,\"\",1+MAX(A$12:A124))","v":101},null,"Sealant",{"$f":"D116*2","v":{"v":37.7,"d":"37.70"}},"LF",{"v":0.1,"d":"10%"},{"v":41.470000000000006,"d":"41.47"},{"v":0.025,"d":"0.03"},{"v":42.88,"d":"$42.88"},{"v":1.0367500000000003,"d":"1.04"},{"v":44.455840000000016,"d":"$44.46"},{"v":0.5,"d":"$0.50"},{"v":20.735000000000003,"d":"$20.74"},{"v":0,"d":"$0.00"},{"v":0,"d":"$0.00"},{"v":65.19084000000002,"d":"$65.19"}]
[{"$f":"IF(D126=0,\"\",1+MAX(A$12:A125))","v":""}]
[{"$f":"IF(D127=0,\"\",1+MAX(A$12:A126))","v":102},null,"3-5/8\" Metal Stud Wall @ 24\" O.C (10'-6\" High)",45.35,"LF"]
[{"$f":"IF(D128=0,\"\",1+MAX(A$12:A127))","v":103},null,"3-5/8\" Metal Stud @ 24\" O.c ",{"$f":"D127/2*10.5","v":{"v":238.0875,"d":"238.09"}},"LF",{"v":0.1,"d":"10%"},{"$f":"(F128*D128)+D128","v":{"v":261.89625,"d":"261.90"}},{"v":0.054,"d":"0.05"},{"v":42.88,"d":"$42.88"},{"$f":"H128*G128","v":{"v":14.1423975,"d":"14.14"}},{"$f":"I128*J128","v":{"v":606.4260048,"d":"$606.43"}},{"v":2.48,"d":"$2.48"},{"$f":"L128*G128","v":{"v":649.5027,"d":"$649.50"}},{"v":0,"d":"$0.00"},{"$f":"N128*G128","v":{"v":0,"d":"$0.00"}},{"$f":"IF(D128=\"\",\"\",(K128+M128+O128))","v":{"v":1255.9287048,"d":"$1,255.93"}}]
[{"$f":"IF(D129=0,\"\",1+MAX(A$12:A128))","v":104},null,"3-5/8\" Top Plate",{"$f":"D127","v":45.35},"LF",{"v":0.1,"d":"10%"},{"v":49.885000000000005,"d":"49.89"},{"v":0.054,"d":"0.05"},{"v":42.88,"d":"$42.88"},{"v":2.6937900000000004,"d":"2.69"},{"v":115.50971520000002,"d":"$115.51"},{"v":2.48,"d":"$2.48"},{"v":123.71480000000001,"d":"$123.71"},{"v":0,"d":"$0.00"},{"v":0,"d":"$0.00"},{"v":239.22451520000004,"d":"$239.22"}]
[{"$f":"IF(D130=0,\"\",1+MAX(A$12:A129))","v":105},null,"3-5/8\" Bottom Plate",{"$f":"D127","v":45.35},"LF",{"v":0.1,"d":"10%"},{"v":49.885000000000005,"d":"49.89"},{"v":0.054,"d":"0.05"},{"v":42.88,"d":"$42.88"},{"v":2.6937900000000004,"d":"2.69"},{"v":115.50971520000002,"d":"$115.51"},{"v":2.48,"d":"$2.48"},{"v":123.71480000000001,"d":"$123.71"},{"v":0,"d":"$0.00"},{"v":0,"d":"$0.00"},{"v":239.22451520000004,"d":"$239.22"}]
[{"$f":"IF(D131=0,\"\",1+MAX(A$12:A130))","v":106},null,"5/8\" Moisture Resistant Gypsum Wall Board Both Side (10'-6\" High) ",{"$f":"D127*10.5*2","v":952.35},"SF",{"v":0.1,"d":"10%"},{"v":1047.585,"d":"1047.59"}]
[{"$f":"IF(D132=0,\"\",1+MAX(A$12:A131))","v":107},null,"4'x8' No of Sheets",{"$f":"ROUNDUP(D131/32,0)","v":{"v":30,"d":"30.00"}},"SHEETS",{"v":0,"d":"0%"},{"v":30,"d":"30.00"},0.48,{"v":42.88,"d":"$42.88"},{"$f":"H132*G132","v":{"v":14.399999999999999,"d":"14.40"}},{"$f":"I132*J132","v":{"v":617.472,"d":"$617.47"}},{"v":23.98,"d":"$23.98"},{"$f":"L132*G132","v":{"v":719.4,"d":"$719.40"}},{"v":0,"d":"$0.00"},{"$f":"N132*G132","v":{"v":0,"d":"$0.00"}},{"$f":"IF(D132=\"\",\"\",(K132+M132+O132))","v":{"v":1336.8719999999998,"d":"$1,336.87"}}]
[{"$f":"IF(D133=0,\"\",1+MAX(A$12:A132))","v":108},null,"500' Tape Roll",{"$f":"ROUNDUP(D132*24/500,0)","v":{"v":2,"d":"2.00"}},"ROLLS",{"v":0,"d":"0%"},{"v":2,"d":"2.00"},{"v":5,"d":"5.00"},{"v":42.88,"d":"$42.88"},{"v":10,"d":"10.00"},{"v":428.8,"d":"$428.80"},{"v":16.75,"d":"$16.75"},{"v":33.5,"d":"$33.50"},{"v":0,"d":"$0.00"},{"v":0,"d":"$0.00"},{"v":462.3,"d":"$462.30"}]
[{"$f":"IF(D134=0,\"\",1+MAX(A$12:A133))","v":109},null,"Joint Compound",{"$f":"ROUNDUP(D131*0.053,0)","v":{"v":51,"d":"51.00"}},"LBS",{"v":0.1,"d":"10%"},{"v":56.1,"d":"56.10"},0.22,{"v":42.88,"d":"$42.88"},{"v":12.342,"d":"12.34"},{"v":529.22496,"d":"$529.22"},{"v":0.5,"d":"$0.50"},{"v":28.05,"d":"$28.05"},{"v":0,"d":"$0.00"},{"v":0,"d":"$0.00"},{"v":557.27496,"d":"$557.27"}]
[{"$f":"IF(D135=0,\"\",1+MAX(A$12:A134))","v":110},null,"1-1/4\" Drywall Screws",{"$f":"ROUNDUP(D131*1.33,0)","v":{"v":1267,"d":"1,267.00"}},"EA",{"v":0,"d":"0%"},{"v":1267,"d":"1267.00"},{"v":2E-3,"d":"0.00"},{"v":42.88,"d":"$42.88"},{"v":2.5340000000000003,"d":"2.53"},{"v":108.65792000000002,"d":"$108.66"},{"v":0.06,"d":"$0.06"},{"v":76.02,"d":"$76.02"},{"v":0,"d":"$0.00"},{"v":0,"d":"$0.00"},{"v":184.67792000000003,"d":"$184.68"}]
[{"$f":"IF(D136=0,\"\",1+MAX(A$12:A135))","v":111},null,"Sealant",{"$f":"D127*4","v":{"v":181.4,"d":"181.40"}},"LF",{"v":0.1,"d":"10%"},{"v":199.54000000000002,"d":"199.54"},{"v":0.025,"d":"0.03"},{"v":42.88,"d":"$42.88"},{"v":4.988500000000001,"d":"4.99"},{"v":213.90688000000006,"d":"$213.91"},{"v":0.5,"d":"$0.50"},{"v":99.77000000000001,"d":"$99.77"},{"v":0,"d":"$0.00"},{"v":0,"d":"$0.00"},{"v":313.6768800000001,"d":"$313.68"}]
[{"$f":"IF(D137=0,\"\",1+MAX(A$12:A136))","v":""}]
[{"$f":"IF(D138=0,\"\",1+MAX(A$12:A137))","v":112},null,"3-5/8\" Metal Stud Wall @ 24\" O.C (10'-6\" High)",19.68,"LF"]
[{"$f":"IF(D139=0,\"\",1+MAX(A$12:A138))","v":113},null,"3-5/8\" Metal Stud @ 24\" O.c ",{"$f":"D138/2*10.5","v":103.32},"LF",{"v":0.1,"d":"10%"},{"$f":"(F139*D139)+D139","v":{"v":113.65199999999999,"d":"113.65"}},{"v":0.054,"d":"0.05"},{"v":42.88,"d":"$42.88"},{"$f":"H139*G139","v":{"v":6.137207999999999,"d":"6.14"}},{"$f":"I139*J139","v":{"v":263.16347903999997,"d":"$263.16"}},{"v":2.48,"d":"$2.48"},{"$f":"L139*G139","v":{"v":281.85695999999996,"d":"$281.86"}},{"v":0,"d":"$0.00"},{"$f":"N139*G139","v":{"v":0,"d":"$0.00"}},{"$f":"IF(D139=\"\",\"\",(K139+M139+O139))","v":{"v":545.0204390399999,"d":"$545.02"}}]
[{"$f":"IF(D140=0,\"\",1+MAX(A$12:A139))","v":114},null,"3-5/8\" Top Plate",{"$f":"D138","v":19.68},"LF",{"v":0.1,"d":"10%"},{"v":21.648,"d":"21.65"},{"v":0.054,"d":"0.05"},{"v":42.88,"d":"$42.88"},{"v":1.168992,"d":"1.17"},{"v":50.12637696,"d":"$50.13"},{"v":2.48,"d":"$2.48"},{"v":53.687039999999996,"d":"$53.69"},{"v":0,"d":"$0.00"},{"v":0,"d":"$0.00"},{"v":103.81341696,"d":"$103.81"}]
[{"$f":"IF(D141=0,\"\",1+MAX(A$12:A140))","v":115},null,"3-5/8\" Bottom Plate",{"$f":"D138","v":19.68},"LF",{"v":0.1,"d":"10%"},{"v":21.648,"d":"21.65"},{"v":0.054,"d":"0.05"},{"v":42.88,"d":"$42.88"},{"v":1.168992,"d":"1.17"},{"v":50.12637696,"d":"$50.13"},{"v":2.48,"d":"$2.48"},{"v":53.687039999999996,"d":"$53.69"},{"v":0,"d":"$0.00"},{"v":0,"d":"$0.00"},{"v":103.81341696,"d":"$103.81"}]
[{"$f":"IF(D142=0,\"\",1+MAX(A$12:A141))","v":116},null,"5/8\" Moisture Resistant Gypsum Wall Board One Side (10'-6\" High) ",{"$f":"D138*10.5","v":206.64},"SF",{"v":0.1,"d":"10%"},{"v":227.30399999999997,"d":"227.30"}]
[{"$f":"IF(D143=0,\"\",1+MAX(A$12:A142))","v":117},null,"4'x8' No of Sheets",{"$f":"ROUNDUP(D142/32,0)","v":{"v":7,"d":"7.00"}},"SHEETS",{"v":0,"d":"0%"},{"v":7,"d":"7.00"},0.48,{"v":42.88,"d":"$42.88"},{"$f":"H143*G143","v":3.36},{"$f":"I143*J143","v":{"v":144.0768,"d":"$144.08"}},{"v":23.98,"d":"$23.98"},{"$f":"L143*G143","v":{"v":167.86,"d":"$167.86"}},{"v":0,"d":"$0.00"},{"$f":"N143*G143","v":{"v":0,"d":"$0.00"}},{"$f":"IF(D143=\"\",\"\",(K143+M143+O143))","v":{"v":311.9368,"d":"$311.94"}}]
[{"$f":"IF(D144=0,\"\",1+MAX(A$12:A143))","v":118},null,"500' Tape Roll",{"$f":"ROUNDUP(D143*24/500,0)","v":{"v":1,"d":"1.00"}},"ROLLS",{"v":0,"d":"0%"},{"v":1,"d":"1.00"},{"v":5,"d":"5.00"},{"v":42.88,"d":"$42.88"},{"v":5,"d":"5.00"},{"v":214.4,"d":"$214.40"},{"v":16.75,"d":"$16.75"},{"v":16.75,"d":"$16.75"},{"v":0,"d":"$0.00"},{"v":0,"d":"$0.00"},{"v":231.15,"d":"$231.15"}]
[{"$f":"IF(D145=0,\"\",1+MAX(A$12:A144))","v":119},null,"Joint Compound",{"$f":"ROUNDUP(D142*0.053,0)","v":{"v":11,"d":"11.00"}},"LBS",{"v":0.1,"d":"10%"},{"v":12.1,"d":"12.10"},0.22,{"v":42.88,"d":"$42.88"},{"v":2.662,"d":"2.66"},{"v":114.14656000000001,"d":"$114.15"},{"v":0.5,"d":"$0.50"},{"v":6.05,"d":"$6.05"},{"v":0,"d":"$0.00"},{"v":0,"d":"$0.00"},{"v":120.19656,"d":"$120.20"}]
[{"$f":"IF(D146=0,\"\",1+MAX(A$12:A145))","v":120},null,"1-1/4\" Drywall Screws",{"$f":"ROUNDUP(D142*1.33,0)","v":{"v":275,"d":"275.00"}},"EA",{"v":0,"d":"0%"},{"v":275,"d":"275.00"},{"v":2E-3,"d":"0.00"},{"v":42.88,"d":"$42.88"},0.55,{"v":23.584000000000003,"d":"$23.58"},{"v":0.06,"d":"$0.06"},{"v":16.5,"d":"$16.50"},{"v":0,"d":"$0.00"},{"v":0,"d":"$0.00"},{"v":40.084,"d":"$40.08"}]
[{"$f":"IF(D147=0,\"\",1+MAX(A$12:A146))","v":121},null,"5/8\"Gypsum Wall Board One Side (10'-6\" High) ",{"$f":"D138*10.5","v":206.64},"SF",{"v":0.1,"d":"10%"},{"v":227.30399999999997,"d":"227.30"}]
[{"$f":"IF(D148=0,\"\",1+MAX(A$12:A147))","v":122},null,"4'x8' No of Sheets",{"$f":"ROUNDUP(D147/32,0)","v":{"v":7,"d":"7.00"}},"SHEETS",{"v":0,"d":"0%"},{"v":7,"d":"7.00"},0.48,{"v":42.88,"d":"$42.88"},{"$f":"H148*G148","v":3.36},{"$f":"I148*J148","v":{"v":144.0768,"d":"$144.08"}},{"v":17.86,"d":"$17.86"},{"$f":"L148*G148","v":{"v":125.02,"d":"$125.02"}},{"v":0,"d":"$0.00"},{"$f":"N148*G148","v":{"v":0,"d":"$0.00"}},{"$f":"IF(D148=\"\",\"\",(K148+M148+O148))","v":{"v":269.0968,"d":"$269.10"}}]
[{"$f":"IF(D149=0,\"\",1+MAX(A$12:A148))","v":123},null,"500' Tape Roll",{"$f":"ROUNDUP(D148*24/500,0)","v":{"v":1,"d":"1.00"}},"ROLLS",{"v":0,"d":"0%"},{"v":1,"d":"1.00"},{"v":5,"d":"5.00"},{"v":42.88,"d":"$42.88"},{"v":5,"d":"5.00"},{"v":214.4,"d":"$214.40"},{"v":16.75,"d":"$16.75"},{"v":16.75,"d":"$16.75"},{"v":0,"d":"$0.00"},{"v":0,"d":"$0.00"},{"v":231.15,"d":"$231.15"}]
[{"$f":"IF(D150=0,\"\",1+MAX(A$12:A149))","v":124},null,"Joint Compound",{"$f":"ROUNDUP(D147*0.053,0)","v":{"v":11,"d":"11.00"}},"LBS",{"v":0.1,"d":"10%"},{"v":12.1,"d":"12.10"},0.22,{"v":42.88,"d":"$42.88"},{"v":2.662,"d":"2.66"},{"v":114.14656000000001,"d":"$114.15"},{"v":0.5,"d":"$0.50"},{"v":6.05,"d":"$6.05"},{"v":0,"d":"$0.00"},{"v":0,"d":"$0.00"},{"v":120.19656,"d":"$120.20"}]
[{"$f":"IF(D151=0,\"\",1+MAX(A$12:A150))","v":125},null,"1-1/4\" Drywall Screws",{"$f":"ROUNDUP(D147*1.33,0)","v":{"v":275,"d":"275.00"}},"EA",{"v":0,"d":"0%"},{"v":275,"d":"275.00"},{"v":2E-3,"d":"0.00"},{"v":42.88,"d":"$42.88"},0.55,{"v":23.584000000000003,"d":"$23.58"},{"v":0.06,"d":"$0.06"},{"v":16.5,"d":"$16.50"},{"v":0,"d":"$0.00"},{"v":0,"d":"$0.00"},{"v":40.084,"d":"$40.08"}]
[{"$f":"IF(D152=0,\"\",1+MAX(A$12:A151))","v":126},null,"Sealant",{"$f":"D138*4","v":78.72},"LF",{"v":0.1,"d":"10%"},{"v":86.592,"d":"86.59"},{"v":0.025,"d":"0.03"},{"v":42.88,"d":"$42.88"},{"v":2.1648,"d":"2.16"},{"v":92.82662400000001,"d":"$92.83"},{"v":0.5,"d":"$0.50"},{"v":43.296,"d":"$43.30"},{"v":0,"d":"$0.00"},{"v":0,"d":"$0.00"},{"v":136.122624,"d":"$136.12"}]
[{"$f":"IF(D153=0,\"\",1+MAX(A$12:A152))","v":""}]
[{"$f":"IF(D154=0,\"\",1+MAX(A$12:A153))","v":127},null,"3-5/8\" Metal Stud Wall @ 24\" O.C (12'-6\" High)",29.67,"LF"]
[{"$f":"IF(D155=0,\"\",1+MAX(A$12:A154))","v":128},null,"3-5/8\" Metal Stud @ 24\" O.c ",{"$f":"D154/2*12.5","v":{"v":185.4375,"d":"185.44"}},"LF",{"v":0.1,"d":"10%"},{"$f":"(F155*D155)+D155","v":{"v":203.98125,"d":"203.98"}},{"v":0.054,"d":"0.05"},{"v":42.88,"d":"$42.88"},{"$f":"H155*G155","v":{"v":11.014987499999998,"d":"11.01"}},{"$f":"I155*J155","v":{"v":472.322664,"d":"$472.32"}},{"v":2.48,"d":"$2.48"},{"$f":"L155*G155","v":{"v":505.8735,"d":"$505.87"}},{"v":0,"d":"$0.00"},{"$f":"N155*G155","v":{"v":0,"d":"$0.00"}},{"$f":"IF(D155=\"\",\"\",(K155+M155+O155))","v":{"v":978.196164,"d":"$978.20"}}]
[{"$f":"IF(D156=0,\"\",1+MAX(A$12:A155))","v":129},null,"3-5/8\" Top Plate",{"$f":"D154","v":29.67},"LF",{"v":0.1,"d":"10%"},{"v":32.637,"d":"32.64"},{"v":0.054,"d":"0.05"},{"v":42.88,"d":"$42.88"},{"v":1.762398,"d":"1.76"},{"v":75.57162624,"d":"$75.57"},{"v":2.48,"d":"$2.48"},{"v":80.93976,"d":"$80.94"},{"v":0,"d":"$0.00"},{"v":0,"d":"$0.00"},{"v":156.51138624,"d":"$156.51"}]
[{"$f":"IF(D157=0,\"\",1+MAX(A$12:A156))","v":130},null,"3-5/8\" Bottom Plate",{"$f":"D154","v":29.67},"LF",{"v":0.1,"d":"10%"},{"v":32.637,"d":"32.64"},{"v":0.054,"d":"0.05"},{"v":42.88,"d":"$42.88"},{"v":1.762398,"d":"1.76"},{"v":75.57162624,"d":"$75.57"},{"v":2.48,"d":"$2.48"},{"v":80.93976,"d":"$80.94"},{"v":0,"d":"$0.00"},{"v":0,"d":"$0.00"},{"v":156.51138624,"d":"$156.51"}]
[{"$f":"IF(D158=0,\"\",1+MAX(A$12:A157))","v":131},null,"5/8\" Moisture Resistant Gypsum Wall Board One Side (10'-6\" High) ",{"$f":"D154*10.5","v":{"v":311.535,"d":"311.54"}},"SF",{"v":0.1,"d":"10%"},{"v":342.68850000000003,"d":"342.69"}]
[{"$f":"IF(D159=0,\"\",1+MAX(A$12:A158))","v":132},null,"4'x8' No of Sheets",{"$f":"ROUNDUP(D158/32,0)","v":{"v":10,"d":"10.00"}},"SHEETS",{"v":0,"d":"0%"},{"v":10,"d":"10.00"},0.48,{"v":42.88,"d":"$42.88"},{"$f":"H159*G159","v":{"v":4.8,"d":"4.80"}},{"$f":"I159*J159","v":{"v":205.824,"d":"$205.82"}},{"v":23.98,"d":"$23.98"},{"$f":"L159*G159","v":{"v":239.8,"d":"$239.80"}},{"v":0,"d":"$0.00"},{"$f":"N159*G159","v":{"v":0,"d":"$0.00"}},{"$f":"IF(D159=\"\",\"\",(K159+M159+O159))","v":{"v":445.624,"d":"$445.62"}}]
[{"$f":"IF(D160=0,\"\",1+MAX(A$12:A159))","v":133},null,"500' Tape Roll",{"$f":"ROUNDUP(D159*24/500,0)","v":{"v":1,"d":"1.00"}},"ROLLS",{"v":0,"d":"0%"},{"v":1,"d":"1.00"},{"v":5,"d":"5.00"},{"v":42.88,"d":"$42.88"},{"v":5,"d":"5.00"},{"v":214.4,"d":"$214.40"},{"v":16.75,"d":"$16.75"},{"v":16.75,"d":"$16.75"},{"v":0,"d":"$0.00"},{"v":0,"d":"$0.00"},{"v":231.15,"d":"$231.15"}]
[{"$f":"IF(D161=0,\"\",1+MAX(A$12:A160))","v":134},null,"Joint Compound",{"$f":"ROUNDUP(D158*0.053,0)","v":{"v":17,"d":"17.00"}},"LBS",{"v":0.1,"d":"10%"},{"v":18.7,"d":"18.70"},0.22,{"v":42.88,"d":"$42.88"},{"v":4.114,"d":"4.11"},{"v":176.40832,"d":"$176.41"},{"v":0.5,"d":"$0.50"},{"v":9.35,"d":"$9.35"},{"v":0,"d":"$0.00"},{"v":0,"d":"$0.00"},{"v":185.75832,"d":"$185.76"}]
[{"$f":"IF(D162=0,\"\",1+MAX(A$12:A161))","v":135},null,"1-1/4\" Drywall Screws",{"$f":"ROUNDUP(D158*1.33,0)","v":{"v":415,"d":"415.00"}},"EA",{"v":0,"d":"0%"},{"v":415,"d":"415.00"},{"v":2E-3,"d":"0.00"},{"v":42.88,"d":"$42.88"},{"v":0.8300000000000001,"d":"0.83"},{"v":35.5904,"d":"$35.59"},{"v":0.06,"d":"$0.06"},{"v":24.9,"d":"$24.90"},{"v":0,"d":"$0.00"},{"v":0,"d":"$0.00"},{"v":60.4904,"d":"$60.49"}]
[{"$f":"IF(D163=0,\"\",1+MAX(A$12:A162))","v":136},null,"5/8\"Gypsum Wall Board One Side (12'-6\" High) ",{"$f":"D154*12.5","v":{"v":370.875,"d":"370.88"}},"SF",{"v":0.1,"d":"10%"},{"v":407.9625,"d":"407.96"}]
[{"$f":"IF(D164=0,\"\",1+MAX(A$12:A163))","v":137},null,"4'x8' No of Sheets",{"$f":"ROUNDUP(D163/32,0)","v":{"v":12,"d":"12.00"}},"SHEETS",{"v":0,"d":"0%"},{"v":12,"d":"12.00"},0.48,{"v":42.88,"d":"$42.88"},{"$f":"H164*G164","v":5.76},{"$f":"I164*J164","v":{"v":246.9888,"d":"$246.99"}},{"v":17.86,"d":"$17.86"},{"$f":"L164*G164","v":{"v":214.32,"d":"$214.32"}},{"v":0,"d":"$0.00"},{"$f":"N164*G164","v":{"v":0,"d":"$0.00"}},{"$f":"IF(D164=\"\",\"\",(K164+M164+O164))","v":{"v":461.3088,"d":"$461.31"}}]
[{"$f":"IF(D165=0,\"\",1+MAX(A$12:A164))","v":138},null,"500' Tape Roll",{"$f":"ROUNDUP(D164*24/500,0)","v":{"v":1,"d":"1.00"}},"ROLLS",{"v":0,"d":"0%"},{"v":1,"d":"1.00"},{"v":5,"d":"5.00"},{"v":42.88,"d":"$42.88"},{"v":5,"d":"5.00"},{"v":214.4,"d":"$214.40"},{"v":16.75,"d":"$16.75"},{"v":16.75,"d":"$16.75"},{"v":0,"d":"$0.00"},{"v":0,"d":"$0.00"},{"v":231.15,"d":"$231.15"}]
[{"$f":"IF(D166=0,\"\",1+MAX(A$12:A165))","v":139},null,"Joint Compound",{"$f":"ROUNDUP(D163*0.053,0)","v":{"v":20,"d":"20.00"}},"LBS",{"v":0.1,"d":"10%"},{"v":22,"d":"22.00"},0.22,{"v":42.88,"d":"$42.88"},4.84,{"v":207.5392,"d":"$207.54"},{"v":0.5,"d":"$0.50"},{"v":11,"d":"$11.00"},{"v":0,"d":"$0.00"},{"v":0,"d":"$0.00"},{"v":218.5392,"d":"$218.54"}]
[{"$f":"IF(D167=0,\"\",1+MAX(A$12:A166))","v":140},null,"1-1/4\" Drywall Screws",{"$f":"ROUNDUP(D163*1.33,0)","v":{"v":494,"d":"494.00"}},"EA",{"v":0,"d":"0%"},{"v":494,"d":"494.00"},{"v":2E-3,"d":"0.00"},{"v":42.88,"d":"$42.88"},{"v":0.988,"d":"0.99"},{"v":42.36544,"d":"$42.37"},{"v":0.06,"d":"$0.06"},{"v":29.64,"d":"$29.64"},{"v":0,"d":"$0.00"},{"v":0,"d":"$0.00"},{"v":72.00544,"d":"$72.01"}]
[{"$f":"IF(D168=0,\"\",1+MAX(A$12:A167))","v":141},null,"Sealant",{"$f":"D154*4","v":118.68},"LF",{"v":0.1,"d":"10%"},{"v":130.548,"d":"130.55"},{"v":0.025,"d":"0.03"},{"v":42.88,"d":"$42.88"},{"v":3.2637,"d":"3.26"},{"v":139.94745600000002,"d":"$139.95"},{"v":0.5,"d":"$0.50"},{"v":65.274,"d":"$65.27"},{"v":0,"d":"$0.00"},{"v":0,"d":"$0.00"},{"v":205.22145600000002,"d":"$205.22"}]
[{"$f":"IF(D169=0,\"\",1+MAX(A$12:A168))","v":""}]
[{"$f":"IF(D170=0,\"\",1+MAX(A$12:A169))","v":142},null,"3-5/8\" Metal Stud Wall @ 24\" O.C (12'-6\" High)",14.54,"LF"]
[{"$f":"IF(D171=0,\"\",1+MAX(A$12:A170))","v":143},null,"3-5/8\" Metal Stud @ 24\" O.c ",{"$f":"D170/2*12.5","v":{"v":90.875,"d":"90.88"}},"LF",{"v":0.1,"d":"10%"},{"$f":"(F171*D171)+D171","v":{"v":99.9625,"d":"99.96"}},{"v":0.054,"d":"0.05"},{"v":42.88,"d":"$42.88"},{"$f":"H171*G171","v":{"v":5.397975000000001,"d":"5.40"}},{"$f":"I171*J171","v":{"v":231.46516800000003,"d":"$231.47"}},{"v":2.48,"d":"$2.48"},{"$f":"L171*G171","v":{"v":247.907,"d":"$247.91"}},{"v":0,"d":"$0.00"},{"$f":"N171*G171","v":{"v":0,"d":"$0.00"}},{"$f":"IF(D171=\"\",\"\",(K171+M171+O171))","v":{"v":479.37216800000004,"d":"$479.37"}}]
[{"$f":"IF(D172=0,\"\",1+MAX(A$12:A171))","v":144},null,"3-5/8\" Top Plate",{"$f":"D170","v":14.54},"LF",{"v":0.1,"d":"10%"},{"v":15.994,"d":"15.99"},{"v":0.054,"d":"0.05"},{"v":42.88,"d":"$42.88"},{"v":0.863676,"d":"0.86"},{"v":37.034426880000005,"d":"$37.03"},{"v":2.48,"d":"$2.48"},{"v":39.66512,"d":"$39.67"},{"v":0,"d":"$0.00"},{"v":0,"d":"$0.00"},{"v":76.69954688000001,"d":"$76.70"}]
[{"$f":"IF(D173=0,\"\",1+MAX(A$12:A172))","v":145},null,"3-5/8\" Bottom Plate",{"$f":"D170","v":14.54},"LF",{"v":0.1,"d":"10%"},{"v":15.994,"d":"15.99"},{"v":0.054,"d":"0.05"},{"v":42.88,"d":"$42.88"},{"v":0.863676,"d":"0.86"},{"v":37.034426880000005,"d":"$37.03"},{"v":2.48,"d":"$2.48"},{"v":39.66512,"d":"$39.67"},{"v":0,"d":"$0.00"},{"v":0,"d":"$0.00"},{"v":76.69954688000001,"d":"$76.70"}]
[{"$f":"IF(D174=0,\"\",1+MAX(A$12:A173))","v":146},null,"5/8\" Gypsum Wall Board One Side (10'-6\" High) ",{"$f":"D170*10.5","v":152.67},"SF",{"v":0.1,"d":"10%"},{"v":167.93699999999998,"d":"167.94"}]
[{"$f":"IF(D175=0,\"\",1+MAX(A$12:A174))","v":147},null,"4'x8' No of Sheets",{"$f":"ROUNDUP(D174/32,0)","v":{"v":5,"d":"5.00"}},"SHEETS",{"v":0,"d":"0%"},{"v":5,"d":"5.00"},0.48,{"v":42.88,"d":"$42.88"},{"$f":"H175*G175","v":{"v":2.4,"d":"2.40"}},{"$f":"I175*J175","v":{"v":102.912,"d":"$102.91"}},{"v":17.86,"d":"$17.86"},{"$f":"L175*G175","v":{"v":89.3,"d":"$89.30"}},{"v":0,"d":"$0.00"},{"$f":"N175*G175","v":{"v":0,"d":"$0.00"}},{"$f":"IF(D175=\"\",\"\",(K175+M175+O175))","v":{"v":192.212,"d":"$192.21"}}]
[{"$f":"IF(D176=0,\"\",1+MAX(A$12:A175))","v":148},null,"500' Tape Roll",{"$f":"ROUNDUP(D175*24/500,0)","v":{"v":1,"d":"1.00"}},"ROLLS",{"v":0,"d":"0%"},{"v":1,"d":"1.00"},{"v":5,"d":"5.00"},{"v":42.88,"d":"$42.88"},{"v":5,"d":"5.00"},{"v":214.4,"d":"$214.40"},{"v":16.75,"d":"$16.75"},{"v":16.75,"d":"$16.75"},{"v":0,"d":"$0.00"},{"v":0,"d":"$0.00"},{"v":231.15,"d":"$231.15"}]
[{"$f":"IF(D177=0,\"\",1+MAX(A$12:A176))","v":149},null,"Joint Compound",{"$f":"ROUNDUP(D174*0.053,0)","v":{"v":9,"d":"9.00"}},"LBS",{"v":0.1,"d":"10%"},{"v":9.9,"d":"9.90"},0.22,{"v":42.88,"d":"$42.88"},{"v":2.178,"d":"2.18"},{"v":93.39264,"d":"$93.39"},{"v":0.5,"d":"$0.50"},{"v":4.95,"d":"$4.95"},{"v":0,"d":"$0.00"},{"v":0,"d":"$0.00"},{"v":98.34264,"d":"$98.34"}]
[{"$f":"IF(D178=0,\"\",1+MAX(A$12:A177))","v":150},null,"1-1/4\" Drywall Screws",{"$f":"ROUNDUP(D174*1.33,0)","v":{"v":204,"d":"204.00"}},"EA",{"v":0,"d":"0%"},{"v":204,"d":"204.00"},{"v":2E-3,"d":"0.00"},{"v":42.88,"d":"$42.88"},{"v":0.40800000000000003,"d":"0.41"},{"v":17.495040000000003,"d":"$17.50"},{"v":0.06,"d":"$0.06"},{"v":12.24,"d":"$12.24"},{"v":0,"d":"$0.00"},{"v":0,"d":"$0.00"},{"v":29.735040000000005,"d":"$29.74"}]
[{"$f":"IF(D179=0,\"\",1+MAX(A$12:A178))","v":151},null,"5/8\" Gypsum Wall Board One Side (12'-6\" High) ",{"$f":"D170*12.5","v":181.75},"SF",{"v":0.1,"d":"10%"},{"v":199.925,"d":"199.93"}]
[{"$f":"IF(D180=0,\"\",1+MAX(A$12:A179))","v":152},null,"4'x8' No of Sheets",{"$f":"ROUNDUP(D179/32,0)","v":{"v":6,"d":"6.00"}},"SHEETS",{"v":0,"d":"0%"},{"v":6,"d":"6.00"},0.48,{"v":42.88,"d":"$42.88"},{"$f":"H180*G180","v":2.88},{"$f":"I180*J180","v":{"v":123.4944,"d":"$123.49"}},{"v":17.86,"d":"$17.86"},{"$f":"L180*G180","v":{"v":107.16,"d":"$107.16"}},{"v":0,"d":"$0.00"},{"$f":"N180*G180","v":{"v":0,"d":"$0.00"}},{"$f":"IF(D180=\"\",\"\",(K180+M180+O180))","v":{"v":230.6544,"d":"$230.65"}}]
[{"$f":"IF(D181=0,\"\",1+MAX(A$12:A180))","v":153},null,"500' Tape Roll",{"$f":"ROUNDUP(D180*24/500,0)","v":{"v":1,"d":"1.00"}},"ROLLS",{"v":0,"d":"0%"},{"v":1,"d":"1.00"},{"v":5,"d":"5.00"},{"v":42.88,"d":"$42.88"},{"v":5,"d":"5.00"},{"v":214.4,"d":"$214.40"},{"v":16.75,"d":"$16.75"},{"v":16.75,"d":"$16.75"},{"v":0,"d":"$0.00"},{"v":0,"d":"$0.00"},{"v":231.15,"d":"$231.15"}]
[{"$f":"IF(D182=0,\"\",1+MAX(A$12:A181))","v":154},null,"Joint Compound",{"$f":"ROUNDUP(D179*0.053,0)","v":{"v":10,"d":"10.00"}},"LBS",{"v":0.1,"d":"10%"},{"v":11,"d":"11.00"},0.22,{"v":42.88,"d":"$42.88"},2.42,{"v":103.7696,"d":"$103.77"},{"v":0.5,"d":"$0.50"},{"v":5.5,"d":"$5.50"},{"v":0,"d":"$0.00"},{"v":0,"d":"$0.00"},{"v":109.2696,"d":"$109.27"}]
[{"$f":"IF(D183=0,\"\",1+MAX(A$12:A182))","v":155},null,"1-1/4\" Drywall Screws",{"$f":"ROUNDUP(D179*1.33,0)","v":{"v":242,"d":"242.00"}},"EA",{"v":0,"d":"0%"},{"v":242,"d":"242.00"},{"v":2E-3,"d":"0.00"},{"v":42.88,"d":"$42.88"},{"v":0.484,"d":"0.48"},{"v":20.75392,"d":"$20.75"},{"v":0.06,"d":"$0.06"},{"v":14.52,"d":"$14.52"},{"v":0,"d":"$0.00"},{"v":0,"d":"$0.00"},{"v":35.273920000000004,"d":"$35.27"}]
[{"$f":"IF(D184=0,\"\",1+MAX(A$12:A183))","v":156},null,"Sealant",{"$f":"D170*4","v":58.16},"LF",{"v":0.1,"d":"10%"},{"v":63.976,"d":"63.98"},{"v":0.025,"d":"0.03"},{"v":42.88,"d":"$42.88"},{"v":1.5994000000000002,"d":"1.60"},{"v":68.58227200000002,"d":"$68.58"},{"v":0.5,"d":"$0.50"},{"v":31.988,"d":"$31.99"},{"v":0,"d":"$0.00"},{"v":0,"d":"$0.00"},{"v":100.57027200000002,"d":"$100.57"}]
[{"$f":"IF(D185=0,\"\",1+MAX(A$12:A184))","v":""}]
[{"$f":"IF(D186=0,\"\",1+MAX(A$12:A185))","v":157},null,"3-5/8\" Metal Stud Wall @ 24\" O.C (12'-6\" High)",5.68,"LF"]
[{"$f":"IF(D187=0,\"\",1+MAX(A$12:A186))","v":158},null,"3-5/8\" Metal Stud @ 24\" O.c ",{"$f":"D186/2*12.5","v":{"v":35.5,"d":"35.50"}},"LF",{"v":0.1,"d":"10%"},{"$f":"(F187*D187)+D187","v":39.05},{"v":0.054,"d":"0.05"},{"v":42.88,"d":"$42.88"},{"$f":"H187*G187","v":{"v":2.1087,"d":"2.11"}},{"$f":"I187*J187","v":{"v":90.421056,"d":"$90.42"}},{"v":2.48,"d":"$2.48"},{"$f":"L187*G187","v":{"v":96.844,"d":"$96.84"}},{"v":0,"d":"$0.00"},{"$f":"N187*G187","v":{"v":0,"d":"$0.00"}},{"$f":"IF(D187=\"\",\"\",(K187+M187+O187))","v":{"v":187.265056,"d":"$187.27"}}]
[{"$f":"IF(D188=0,\"\",1+MAX(A$12:A187))","v":159},null,"3-5/8\" Top Plate",{"$f":"D186","v":5.68},"LF",{"v":0.1,"d":"10%"},{"v":6.247999999999999,"d":"6.25"},{"v":0.054,"d":"0.05"},{"v":42.88,"d":"$42.88"},{"v":0.33739199999999997,"d":"0.34"},{"v":14.46736896,"d":"$14.47"},{"v":2.48,"d":"$2.48"},{"v":15.495039999999998,"d":"$15.50"},{"v":0,"d":"$0.00"},{"v":0,"d":"$0.00"},{"v":29.962408959999998,"d":"$29.96"}]
[{"$f":"IF(D189=0,\"\",1+MAX(A$12:A188))","v":160},null,"3-5/8\" Bottom Plate",{"$f":"D186","v":5.68},"LF",{"v":0.1,"d":"10%"},{"v":6.247999999999999,"d":"6.25"},{"v":0.054,"d":"0.05"},{"v":42.88,"d":"$42.88"},{"v":0.33739199999999997,"d":"0.34"},{"v":14.46736896,"d":"$14.47"},{"v":2.48,"d":"$2.48"},{"v":15.495039999999998,"d":"$15.50"},{"v":0,"d":"$0.00"},{"v":0,"d":"$0.00"},{"v":29.962408959999998,"d":"$29.96"}]
[{"$f":"IF(D190=0,\"\",1+MAX(A$12:A189))","v":161},null,"5/8\" Gypsum Wall Board Both Side (12'-6\" High) ",{"$f":"D186*12.5*2","v":{"v":142,"d":"142.00"}},"SF",{"v":0.1,"d":"10%"},{"v":156.2,"d":"156.20"}]
[{"$f":"IF(D191=0,\"\",1+MAX(A$12:A190))","v":162},null,"4'x8' No of Sheets",{"$f":"ROUNDUP(D190/32,0)","v":{"v":5,"d":"5.00"}},"SHEETS",{"v":0,"d":"0%"},{"v":5,"d":"5.00"},0.48,{"v":42.88,"d":"$42.88"},{"$f":"H191*G191","v":{"v":2.4,"d":"2.40"}},{"$f":"I191*J191","v":{"v":102.912,"d":"$102.91"}},{"v":17.86,"d":"$17.86"},{"$f":"L191*G191","v":{"v":89.3,"d":"$89.30"}},{"v":0,"d":"$0.00"},{"$f":"N191*G191","v":{"v":0,"d":"$0.00"}},{"$f":"IF(D191=\"\",\"\",(K191+M191+O191))","v":{"v":192.212,"d":"$192.21"}}]
[{"$f":"IF(D192=0,\"\",1+MAX(A$12:A191))","v":163},null,"500' Tape Roll",{"$f":"ROUNDUP(D191*24/500,0)","v":{"v":1,"d":"1.00"}},"ROLLS",{"v":0,"d":"0%"},{"v":1,"d":"1.00"},{"v":5,"d":"5.00"},{"v":42.88,"d":"$42.88"},{"v":5,"d":"5.00"},{"v":214.4,"d":"$214.40"},{"v":16.75,"d":"$16.75"},{"v":16.75,"d":"$16.75"},{"v":0,"d":"$0.00"},{"v":0,"d":"$0.00"},{"v":231.15,"d":"$231.15"}]
[{"$f":"IF(D193=0,\"\",1+MAX(A$12:A192))","v":164},null,"Joint Compound",{"$f":"ROUNDUP(D190*0.053,0)","v":{"v":8,"d":"8.00"}},"LBS",{"v":0.1,"d":"10%"},{"v":8.8,"d":"8.80"},0.22,{"v":42.88,"d":"$42.88"},{"v":1.9360000000000002,"d":"1.94"},{"v":83.01568000000002,"d":"$83.02"},{"v":0.5,"d":"$0.50"},{"v":4.4,"d":"$4.40"},{"v":0,"d":"$0.00"},{"v":0,"d":"$0.00"},{"v":87.41568000000002,"d":"$87.42"}]
[{"$f":"IF(D194=0,\"\",1+MAX(A$12:A193))","v":165},null,"1-1/4\" Drywall Screws",{"$f":"ROUNDUP(D190*1.33,0)","v":{"v":189,"d":"189.00"}},"EA",{"v":0,"d":"0%"},{"v":189,"d":"189.00"},{"v":2E-3,"d":"0.00"},{"v":42.88,"d":"$42.88"},{"v":0.378,"d":"0.38"},{"v":16.208640000000003,"d":"$16.21"},{"v":0.06,"d":"$0.06"},{"v":11.34,"d":"$11.34"},{"v":0,"d":"$0.00"},{"v":0,"d":"$0.00"},{"v":27.548640000000002,"d":"$27.55"}]
[{"$f":"IF(D195=0,\"\",1+MAX(A$12:A194))","v":166},null,"Sealant",{"$f":"D186*4","v":22.72},"LF",{"v":0.1,"d":"10%"},{"v":24.991999999999997,"d":"24.99"},{"v":0.025,"d":"0.03"},{"v":42.88,"d":"$42.88"},{"v":0.6248,"d":"0.62"},{"v":26.791424000000003,"d":"$26.79"},{"v":0.5,"d":"$0.50"},{"v":12.495999999999999,"d":"$12.50"},{"v":0,"d":"$0.00"},{"v":0,"d":"$0.00"},{"v":39.287424,"d":"$39.29"}]
[{"$f":"IF(D196=0,\"\",1+MAX(A$12:A195))","v":""}]
[{"$f":"IF(D197=0,\"\",1+MAX(A$12:A196))","v":167},null,"6\" Metal Stud Wall @ 24\" O.C (10'-6\" High)",33.89,"LF"]
[{"$f":"IF(D198=0,\"\",1+MAX(A$12:A197))","v":168},null,"6\" Metal Stud @ 24\" O.c ",{"$f":"D197/2*10.5","v":{"v":177.9225,"d":"177.92"}},"LF",{"v":0.1,"d":"10%"},{"$f":"(F198*D198)+D198","v":{"v":195.71475,"d":"195.71"}},{"v":0.098,"d":"0.10"},{"v":42.88,"d":"$42.88"},{"$f":"H198*G198","v":{"v":19.180045500000002,"d":"19.18"}},{"$f":"I198*J198","v":{"v":822.4403510400001,"d":"$822.44"}},{"v":4.95,"d":"$4.95"},{"$f":"L198*G198","v":{"v":968.7880125,"d":"$968.79"}},{"v":0,"d":"$0.00"},{"$f":"N198*G198","v":{"v":0,"d":"$0.00"}},{"$f":"IF(D198=\"\",\"\",(K198+M198+O198))","v":{"v":1791.2283635400001,"d":"$1,791.23"}}]
[{"$f":"IF(D199=0,\"\",1+MAX(A$12:A198))","v":169},null,"6\" Top Plate",{"$f":"D197","v":33.89},"LF",{"v":0.1,"d":"10%"},{"v":37.279,"d":"37.28"},{"v":0.098,"d":"0.10"},{"v":42.88,"d":"$42.88"},{"v":3.6533420000000003,"d":"3.65"},{"v":156.65530496000002,"d":"$156.66"},{"v":4.95,"d":"$4.95"},{"v":184.53105000000002,"d":"$184.53"},{"v":0,"d":"$0.00"},{"v":0,"d":"$0.00"},{"v":341.18635496,"d":"$341.19"}]
[{"$f":"IF(D200=0,\"\",1+MAX(A$12:A199))","v":170},null,"6\" Bottom Plate",{"$f":"D197","v":33.89},"LF",{"v":0.1,"d":"10%"},{"v":37.279,"d":"37.28"},{"v":0.098,"d":"0.10"},{"v":42.88,"d":"$42.88"},{"v":3.6533420000000003,"d":"3.65"},{"v":156.65530496000002,"d":"$156.66"},{"v":4.95,"d":"$4.95"},{"v":184.53105000000002,"d":"$184.53"},{"v":0,"d":"$0.00"},{"v":0,"d":"$0.00"},{"v":341.18635496,"d":"$341.19"}]
[{"$f":"IF(D201=0,\"\",1+MAX(A$12:A200))","v":171},null,"5/8\" Gypsum Wall Board One Side (10'-6\" High) ",{"$f":"D197*10.5","v":{"v":355.845,"d":"355.85"}},"SF",{"v":0.1,"d":"10%"},{"v":391.4295,"d":"391.43"}]
[{"$f":"IF(D202=0,\"\",1+MAX(A$12:A201))","v":172},null,"4'x8' No of Sheets",{"$f":"ROUNDUP(D201/32,0)","v":{"v":12,"d":"12.00"}},"SHEETS",{"v":0,"d":"0%"},{"v":12,"d":"12.00"},0.48,{"v":42.88,"d":"$42.88"},{"$f":"H202*G202","v":5.76},{"$f":"I202*J202","v":{"v":246.9888,"d":"$246.99"}},{"v":17.86,"d":"$17.86"},{"$f":"L202*G202","v":{"v":214.32,"d":"$214.32"}},{"v":0,"d":"$0.00"},{"$f":"N202*G202","v":{"v":0,"d":"$0.00"}},{"$f":"IF(D202=\"\",\"\",(K202+M202+O202))","v":{"v":461.3088,"d":"$461.31"}}]
[{"$f":"IF(D203=0,\"\",1+MAX(A$12:A202))","v":173},null,"500' Tape Roll",{"$f":"ROUNDUP(D202*24/500,0)","v":{"v":1,"d":"1.00"}},"ROLLS",{"v":0,"d":"0%"},{"v":1,"d":"1.00"},{"v":5,"d":"5.00"},{"v":42.88,"d":"$42.88"},{"v":5,"d":"5.00"},{"v":214.4,"d":"$214.40"},{"v":16.75,"d":"$16.75"},{"v":16.75,"d":"$16.75"},{"v":0,"d":"$0.00"},{"v":0,"d":"$0.00"},{"v":231.15,"d":"$231.15"}]
[{"$f":"IF(D204=0,\"\",1+MAX(A$12:A203))","v":174},null,"Joint Compound",{"$f":"ROUNDUP(D201*0.053,0)","v":{"v":19,"d":"19.00"}},"LBS",{"v":0.1,"d":"10%"},{"v":20.9,"d":"20.90"},0.22,{"v":42.88,"d":"$42.88"},{"v":4.598,"d":"4.60"},{"v":197.16224,"d":"$197.16"},{"v":0.5,"d":"$0.50"},{"v":10.45,"d":"$10.45"},{"v":0,"d":"$0.00"},{"v":0,"d":"$0.00"},{"v":207.61223999999999,"d":"$207.61"}]
[{"$f":"IF(D205=0,\"\",1+MAX(A$12:A204))","v":175},null,"1-1/4\" Drywall Screws",{"$f":"ROUNDUP(D201*1.33,0)","v":{"v":474,"d":"474.00"}},"EA",{"v":0,"d":"0%"},{"v":474,"d":"474.00"},{"v":2E-3,"d":"0.00"},{"v":42.88,"d":"$42.88"},{"v":0.9480000000000001,"d":"0.95"},{"v":40.650240000000004,"d":"$40.65"},{"v":0.06,"d":"$0.06"},{"v":28.439999999999998,"d":"$28.44"},{"v":0,"d":"$0.00"},{"v":0,"d":"$0.00"},{"v":69.09024,"d":"$69.09"}]
[{"$f":"IF(D206=0,\"\",1+MAX(A$12:A205))","v":176},null,"5/8\" Moisture Resistant Gypsum Wall Board One Side (10'-6\" High) ",{"$f":"D197*10.5","v":{"v":355.845,"d":"355.85"}},"SF",{"v":0.1,"d":"10%"},{"v":391.4295,"d":"391.43"}]
[{"$f":"IF(D207=0,\"\",1+MAX(A$12:A206))","v":177},null,"4'x8' No of Sheets",{"$f":"ROUNDUP(D206/32,0)","v":{"v":12,"d":"12.00"}},"SHEETS",{"v":0,"d":"0%"},{"v":12,"d":"12.00"},0.48,{"v":42.88,"d":"$42.88"},{"$f":"H207*G207","v":5.76},{"$f":"I207*J207","v":{"v":246.9888,"d":"$246.99"}},{"v":23.98,"d":"$23.98"},{"$f":"L207*G207","v":{"v":287.76,"d":"$287.76"}},{"v":0,"d":"$0.00"},{"$f":"N207*G207","v":{"v":0,"d":"$0.00"}},{"$f":"IF(D207=\"\",\"\",(K207+M207+O207))","v":{"v":534.7488,"d":"$534.75"}}]
[{"$f":"IF(D208=0,\"\",1+MAX(A$12:A207))","v":178},null,"500' Tape Roll",{"$f":"ROUNDUP(D207*24/500,0)","v":{"v":1,"d":"1.00"}},"ROLLS",{"v":0,"d":"0%"},{"v":1,"d":"1.00"},{"v":5,"d":"5.00"},{"v":42.88,"d":"$42.88"},{"v":5,"d":"5.00"},{"v":214.4,"d":"$214.40"},{"v":16.75,"d":"$16.75"},{"v":16.75,"d":"$16.75"},{"v":0,"d":"$0.00"},{"v":0,"d":"$0.00"},{"v":231.15,"d":"$231.15"}]
[{"$f":"IF(D209=0,\"\",1+MAX(A$12:A208))","v":179},null,"Joint Compound",{"$f":"ROUNDUP(D206*0.053,0)","v":{"v":19,"d":"19.00"}},"LBS",{"v":0.1,"d":"10%"},{"v":20.9,"d":"20.90"},0.22,{"v":42.88,"d":"$42.88"},{"v":4.598,"d":"4.60"},{"v":197.16224,"d":"$197.16"},{"v":0.5,"d":"$0.50"},{"v":10.45,"d":"$10.45"},{"v":0,"d":"$0.00"},{"v":0,"d":"$0.00"},{"v":207.61223999999999,"d":"$207.61"}]
[{"$f":"IF(D210=0,\"\",1+MAX(A$12:A209))","v":180},null,"1-1/4\" Drywall Screws",{"$f":"ROUNDUP(D206*1.33,0)","v":{"v":474,"d":"474.00"}},"EA",{"v":0,"d":"0%"},{"v":474,"d":"474.00"},{"v":2E-3,"d":"0.00"},{"v":42.88,"d":"$42.88"},{"v":0.9480000000000001,"d":"0.95"},{"v":40.650240000000004,"d":"$40.65"},{"v":0.06,"d":"$0.06"},{"v":28.439999999999998,"d":"$28.44"},{"v":0,"d":"$0.00"},{"v":0,"d":"$0.00"},{"v":69.09024,"d":"$69.09"}]
[{"$f":"IF(D211=0,\"\",1+MAX(A$12:A210))","v":181},null,"Sealant",{"$f":"D197*4","v":135.56},"LF",{"v":0.1,"d":"10%"},{"v":149.116,"d":"149.12"},{"v":0.025,"d":"0.03"},{"v":42.88,"d":"$42.88"},{"v":3.7279000000000004,"d":"3.73"},{"v":159.85235200000002,"d":"$159.85"},{"v":0.5,"d":"$0.50"},{"v":74.558,"d":"$74.56"},{"v":0,"d":"$0.00"},{"v":0,"d":"$0.00"},{"v":234.41035200000005,"d":"$234.41"}]
[{"$f":"IF(D212=0,\"\",1+MAX(A$12:A211))","v":""}]
[{"$f":"IF(D213=0,\"\",1+MAX(A$12:A212))","v":182},null,"6\" Metal Stud Wall @ 24\" O.C (10'-6\" High)",8.38,"LF"]
[{"$f":"IF(D214=0,\"\",1+MAX(A$12:A213))","v":183},null,"6\" Metal Stud @ 24\" O.c ",{"$f":"D213/2*10.5","v":{"v":43.995000000000005,"d":"44.00"}},"LF",{"v":0.1,"d":"10%"},{"$f":"(F214*D214)+D214","v":{"v":48.39450000000001,"d":"48.39"}},{"v":0.098,"d":"0.10"},{"v":42.88,"d":"$42.88"},{"$f":"H214*G214","v":{"v":4.742661000000001,"d":"4.74"}},{"$f":"I214*J214","v":{"v":203.36530368000004,"d":"$203.37"}},{"v":4.95,"d":"$4.95"},{"$f":"L214*G214","v":{"v":239.55277500000005,"d":"$239.55"}},{"v":0,"d":"$0.00"},{"$f":"N214*G214","v":{"v":0,"d":"$0.00"}},{"$f":"IF(D214=\"\",\"\",(K214+M214+O214))","v":{"v":442.9180786800001,"d":"$442.92"}}]
[{"$f":"IF(D215=0,\"\",1+MAX(A$12:A214))","v":184},null,"6\" Top Plate",{"$f":"D213","v":8.38},"LF",{"v":0.1,"d":"10%"},{"v":9.218,"d":"9.22"},{"v":0.098,"d":"0.10"},{"v":42.88,"d":"$42.88"},{"v":0.9033640000000001,"d":"0.90"},{"v":38.73624832,"d":"$38.74"},{"v":4.95,"d":"$4.95"},{"v":45.6291,"d":"$45.63"},{"v":0,"d":"$0.00"},{"v":0,"d":"$0.00"},{"v":84.36534832000001,"d":"$84.37"}]
[{"$f":"IF(D216=0,\"\",1+MAX(A$12:A215))","v":185},null,"6\" Bottom Plate",{"$f":"D213","v":8.38},"LF",{"v":0.1,"d":"10%"},{"v":9.218,"d":"9.22"},{"v":0.098,"d":"0.10"},{"v":42.88,"d":"$42.88"},{"v":0.9033640000000001,"d":"0.90"},{"v":38.73624832,"d":"$38.74"},{"v":4.95,"d":"$4.95"},{"v":45.6291,"d":"$45.63"},{"v":0,"d":"$0.00"},{"v":0,"d":"$0.00"},{"v":84.36534832000001,"d":"$84.37"}]
[{"$f":"IF(D217=0,\"\",1+MAX(A$12:A216))","v":186},null,"5/8\" Moisture Resistant Gypsum Wall Board Both Side (10'-6\" High) ",{"$f":"D213*10.5*2","v":{"v":175.98000000000002,"d":"175.98"}},"SF",{"v":0.1,"d":"10%"},{"v":193.57800000000003,"d":"193.58"}]
[{"$f":"IF(D218=0,\"\",1+MAX(A$12:A217))","v":187},null,"4'x8' No of Sheets",{"$f":"ROUNDUP(D217/32,0)","v":{"v":6,"d":"6.00"}},"SHEETS",{"v":0,"d":"0%"},{"v":6,"d":"6.00"},0.48,{"v":42.88,"d":"$42.88"},{"$f":"H218*G218","v":2.88},{"$f":"I218*J218","v":{"v":123.4944,"d":"$123.49"}},{"v":23.98,"d":"$23.98"},{"$f":"L218*G218","v":{"v":143.88,"d":"$143.88"}},{"v":0,"d":"$0.00"},{"$f":"N218*G218","v":{"v":0,"d":"$0.00"}},{"$f":"IF(D218=\"\",\"\",(K218+M218+O218))","v":{"v":267.3744,"d":"$267.37"}}]
[{"$f":"IF(D219=0,\"\",1+MAX(A$12:A218))","v":188},null,"500' Tape Roll",{"$f":"ROUNDUP(D218*24/500,0)","v":{"v":1,"d":"1.00"}},"ROLLS",{"v":0,"d":"0%"},{"v":1,"d":"1.00"},{"v":5,"d":"5.00"},{"v":42.88,"d":"$42.88"},{"v":5,"d":"5.00"},{"v":214.4,"d":"$214.40"},{"v":16.75,"d":"$16.75"},{"v":16.75,"d":"$16.75"},{"v":0,"d":"$0.00"},{"v":0,"d":"$0.00"},{"v":231.15,"d":"$231.15"}]
[{"$f":"IF(D220=0,\"\",1+MAX(A$12:A219))","v":189},null,"Joint Compound",{"$f":"ROUNDUP(D217*0.053,0)","v":{"v":10,"d":"10.00"}},"LBS",{"v":0.1,"d":"10%"},{"v":11,"d":"11.00"},0.22,{"v":42.88,"d":"$42.88"},2.42,{"v":103.7696,"d":"$103.77"},{"v":0.5,"d":"$0.50"},{"v":5.5,"d":"$5.50"},{"v":0,"d":"$0.00"},{"v":0,"d":"$0.00"},{"v":109.2696,"d":"$109.27"}]
[{"$f":"IF(D221=0,\"\",1+MAX(A$12:A220))","v":190},null,"1-1/4\" Drywall Screws",{"$f":"ROUNDUP(D217*1.33,0)","v":{"v":235,"d":"235.00"}},"EA",{"v":0,"d":"0%"},{"v":235,"d":"235.00"},{"v":2E-3,"d":"0.00"},{"v":42.88,"d":"$42.88"},{"v":0.47000000000000003,"d":"0.47"},{"v":20.1536,"d":"$20.15"},{"v":0.06,"d":"$0.06"},{"v":14.1,"d":"$14.10"},{"v":0,"d":"$0.00"},{"v":0,"d":"$0.00"},{"v":34.2536,"d":"$34.25"}]
[{"$f":"IF(D222=0,\"\",1+MAX(A$12:A221))","v":191},null,"Sealant",{"$f":"D213*4","v":33.52},"LF",{"v":0.1,"d":"10%"},{"v":36.872,"d":"36.87"},{"v":0.025,"d":"0.03"},{"v":42.88,"d":"$42.88"},{"v":0.9218000000000001,"d":"0.92"},{"v":39.526784000000006,"d":"$39.53"},{"v":0.5,"d":"$0.50"},{"v":18.436,"d":"$18.44"},{"v":0,"d":"$0.00"},{"v":0,"d":"$0.00"},{"v":57.962784000000006,"d":"$57.96"}]
[{"$f":"IF(D223=0,\"\",1+MAX(A$12:A222))","v":""}]
[{"$f":"IF(D224=0,\"\",1+MAX(A$12:A223))","v":192},null,"6\" Metal Stud Wall @ 24\" O.C (12'-6\" High)",5.48,"LF"]
[{"$f":"IF(D225=0,\"\",1+MAX(A$12:A224))","v":193},null,"6\" Metal Stud @ 24\" O.c ",{"$f":"D224/2*12.5","v":34.25},"LF",{"v":0.1,"d":"10%"},{"$f":"(F225*D225)+D225","v":{"v":37.675,"d":"37.68"}},{"v":0.098,"d":"0.10"},{"v":42.88,"d":"$42.88"},{"$f":"H225*G225","v":{"v":3.69215,"d":"3.69"}},{"$f":"I225*J225","v":{"v":158.319392,"d":"$158.32"}},{"v":4.95,"d":"$4.95"},{"$f":"L225*G225","v":{"v":186.49124999999998,"d":"$186.49"}},{"v":0,"d":"$0.00"},{"$f":"N225*G225","v":{"v":0,"d":"$0.00"}},{"$f":"IF(D225=\"\",\"\",(K225+M225+O225))","v":{"v":344.810642,"d":"$344.81"}}]
[{"$f":"IF(D226=0,\"\",1+MAX(A$12:A225))","v":194},null,"6\" Top Plate",{"$f":"D224","v":5.48},"LF",{"v":0.1,"d":"10%"},{"v":6.0280000000000005,"d":"6.03"},{"v":0.098,"d":"0.10"},{"v":42.88,"d":"$42.88"},{"v":0.590744,"d":"0.59"},{"v":25.331102720000004,"d":"$25.33"},{"v":4.95,"d":"$4.95"},{"v":29.838600000000003,"d":"$29.84"},{"v":0,"d":"$0.00"},{"v":0,"d":"$0.00"},{"v":55.169702720000004,"d":"$55.17"}]
[{"$f":"IF(D227=0,\"\",1+MAX(A$12:A226))","v":195},null,"6\" Bottom Plate",{"$f":"D224","v":5.48},"LF",{"v":0.1,"d":"10%"},{"v":6.0280000000000005,"d":"6.03"},{"v":0.098,"d":"0.10"},{"v":42.88,"d":"$42.88"},{"v":0.590744,"d":"0.59"},{"v":25.331102720000004,"d":"$25.33"},{"v":4.95,"d":"$4.95"},{"v":29.838600000000003,"d":"$29.84"},{"v":0,"d":"$0.00"},{"v":0,"d":"$0.00"},{"v":55.169702720000004,"d":"$55.17"}]
[{"$f":"IF(D228=0,\"\",1+MAX(A$12:A227))","v":196},null,"5/8\" Gypsum Wall Board One Side (10'-6\" High) ",{"$f":"D224*10.5","v":{"v":57.540000000000006,"d":"57.54"}},"SF",{"v":0.1,"d":"10%"},{"v":63.29400000000001,"d":"63.29"}]
[{"$f":"IF(D229=0,\"\",1+MAX(A$12:A228))","v":197},null,"4'x8' No of Sheets",{"$f":"ROUNDUP(D228/32,0)","v":{"v":2,"d":"2.00"}},"SHEETS",{"v":0,"d":"0%"},{"v":2,"d":"2.00"},0.48,{"v":42.88,"d":"$42.88"},{"$f":"H229*G229","v":0.96},{"$f":"I229*J229","v":{"v":41.1648,"d":"$41.16"}},{"v":17.86,"d":"$17.86"},{"$f":"L229*G229","v":{"v":35.72,"d":"$35.72"}},{"v":0,"d":"$0.00"},{"$f":"N229*G229","v":{"v":0,"d":"$0.00"}},{"$f":"IF(D229=\"\",\"\",(K229+M229+O229))","v":{"v":76.8848,"d":"$76.88"}}]
[{"$f":"IF(D230=0,\"\",1+MAX(A$12:A229))","v":198},null,"500' Tape Roll",{"$f":"ROUNDUP(D229*24/500,0)","v":{"v":1,"d":"1.00"}},"ROLLS",{"v":0,"d":"0%"},{"v":1,"d":"1.00"},{"v":5,"d":"5.00"},{"v":42.88,"d":"$42.88"},{"v":5,"d":"5.00"},{"v":214.4,"d":"$214.40"},{"v":16.75,"d":"$16.75"},{"v":16.75,"d":"$16.75"},{"v":0,"d":"$0.00"},{"v":0,"d":"$0.00"},{"v":231.15,"d":"$231.15"}]
[{"$f":"IF(D231=0,\"\",1+MAX(A$12:A230))","v":199},null,"Joint Compound",{"$f":"ROUNDUP(D228*0.053,0)","v":{"v":4,"d":"4.00"}},"LBS",{"v":0.1,"d":"10%"},{"v":4.4,"d":"4.40"},0.22,{"v":42.88,"d":"$42.88"},{"v":0.9680000000000001,"d":"0.97"},{"v":41.50784000000001,"d":"$41.51"},{"v":0.5,"d":"$0.50"},{"v":2.2,"d":"$2.20"},{"v":0,"d":"$0.00"},{"v":0,"d":"$0.00"},{"v":43.70784000000001,"d":"$43.71"}]
[{"$f":"IF(D232=0,\"\",1+MAX(A$12:A231))","v":200},null,"1-1/4\" Drywall Screws",{"$f":"ROUNDUP(D228*1.33,0)","v":{"v":77,"d":"77.00"}},"EA",{"v":0,"d":"0%"},{"v":77,"d":"77.00"},{"v":2E-3,"d":"0.00"},{"v":42.88,"d":"$42.88"},{"v":0.154,"d":"0.15"},{"v":6.6035200000000005,"d":"$6.60"},{"v":0.06,"d":"$0.06"},{"v":4.62,"d":"$4.62"},{"v":0,"d":"$0.00"},{"v":0,"d":"$0.00"},{"v":11.22352,"d":"$11.22"}]
[{"$f":"IF(D233=0,\"\",1+MAX(A$12:A232))","v":201},null,"5/8\" Moisture Resistant Gypsum Wall Board One Side (12'-6\" High) ",{"$f":"D224*12.5","v":{"v":68.5,"d":"68.50"}},"SF",{"v":0.1,"d":"10%"},75.35]
[{"$f":"IF(D234=0,\"\",1+MAX(A$12:A233))","v":202},null,"4'x8' No of Sheets",{"$f":"ROUNDUP(D233/32,0)","v":{"v":3,"d":"3.00"}},"SHEETS",{"v":0,"d":"0%"},{"v":3,"d":"3.00"},0.48,{"v":42.88,"d":"$42.88"},{"$f":"H234*G234","v":1.44},{"$f":"I234*J234","v":{"v":61.7472,"d":"$61.75"}},{"v":23.98,"d":"$23.98"},{"$f":"L234*G234","v":{"v":71.94,"d":"$71.94"}},{"v":0,"d":"$0.00"},{"$f":"N234*G234","v":{"v":0,"d":"$0.00"}},{"$f":"IF(D234=\"\",\"\",(K234+M234+O234))","v":{"v":133.6872,"d":"$133.69"}}]
[{"$f":"IF(D235=0,\"\",1+MAX(A$12:A234))","v":203},null,"500' Tape Roll",{"$f":"ROUNDUP(D234*24/500,0)","v":{"v":1,"d":"1.00"}},"ROLLS",{"v":0,"d":"0%"},{"v":1,"d":"1.00"},{"v":5,"d":"5.00"},{"v":42.88,"d":"$42.88"},{"v":5,"d":"5.00"},{"v":214.4,"d":"$214.40"},{"v":16.75,"d":"$16.75"},{"v":16.75,"d":"$16.75"},{"v":0,"d":"$0.00"},{"v":0,"d":"$0.00"},{"v":231.15,"d":"$231.15"}]
[{"$f":"IF(D236=0,\"\",1+MAX(A$12:A235))","v":204},null,"Joint Compound",{"$f":"ROUNDUP(D233*0.053,0)","v":{"v":4,"d":"4.00"}},"LBS",{"v":0.1,"d":"10%"},{"v":4.4,"d":"4.40"},0.22,{"v":42.88,"d":"$42.88"},{"v":0.9680000000000001,"d":"0.97"},{"v":41.50784000000001,"d":"$41.51"},{"v":0.5,"d":"$0.50"},{"v":2.2,"d":"$2.20"},{"v":0,"d":"$0.00"},{"v":0,"d":"$0.00"},{"v":43.70784000000001,"d":"$43.71"}]
[{"$f":"IF(D237=0,\"\",1+MAX(A$12:A236))","v":205},null,"1-1/4\" Drywall Screws",{"$f":"ROUNDUP(D233*1.33,0)","v":{"v":92,"d":"92.00"}},"EA",{"v":0,"d":"0%"},{"v":92,"d":"92.00"},{"v":2E-3,"d":"0.00"},{"v":42.88,"d":"$42.88"},{"v":0.184,"d":"0.18"},{"v":7.88992,"d":"$7.89"},{"v":0.06,"d":"$0.06"},{"v":5.52,"d":"$5.52"},{"v":0,"d":"$0.00"},{"v":0,"d":"$0.00"},{"v":13.40992,"d":"$13.41"}]
[{"$f":"IF(D238=0,\"\",1+MAX(A$12:A237))","v":206},null,"Sealant",{"$f":"D224*4","v":21.92},"LF",{"v":0.1,"d":"10%"},{"v":24.112000000000002,"d":"24.11"},{"v":0.025,"d":"0.03"},{"v":42.88,"d":"$42.88"},{"v":0.6028000000000001,"d":"0.60"},{"v":25.848064000000008,"d":"$25.85"},{"v":0.5,"d":"$0.50"},{"v":12.056000000000001,"d":"$12.06"},{"v":0,"d":"$0.00"},{"v":0,"d":"$0.00"},{"v":37.904064000000005,"d":"$37.90"}]
[{"$f":"IF(D239=0,\"\",1+MAX(A$12:A238))","v":""}]
[{"$f":"IF(D240=0,\"\",1+MAX(A$12:A239))","v":207},null,"6\" Metal Stud Wall @ 24\" O.C (15'-6\" High)",151.44,"LF"]
[{"$f":"IF(D241=0,\"\",1+MAX(A$12:A240))","v":208},null,"6\" Metal Stud @ 24\" O.c ",{"$f":"D240/2*15.5","v":{"v":1173.66,"d":"1,173.66"}},"LF",{"v":0.1,"d":"10%"},{"$f":"(F241*D241)+D241","v":{"v":1291.026,"d":"1291.03"}},{"v":0.098,"d":"0.10"},{"v":42.88,"d":"$42.88"},{"$f":"H241*G241","v":{"v":126.520548,"d":"126.52"}},{"$f":"I241*J241","v":{"v":5425.201098240001,"d":"$5,425.20"}},{"v":4.95,"d":"$4.95"},{"$f":"L241*G241","v":{"v":6390.578700000001,"d":"$6,390.58"}},{"v":0,"d":"$0.00"},{"$f":"N241*G241","v":{"v":0,"d":"$0.00"}},{"$f":"IF(D241=\"\",\"\",(K241+M241+O241))","v":{"v":11815.77979824,"d":"$11,815.78"}}]
[{"$f":"IF(D242=0,\"\",1+MAX(A$12:A241))","v":209},null,"6\" Top Plate",{"$f":"D240","v":151.44},"LF",{"v":0.1,"d":"10%"},{"v":166.584,"d":"166.58"},{"v":0.098,"d":"0.10"},{"v":42.88,"d":"$42.88"},{"v":16.325232,"d":"16.33"},{"v":700.02594816,"d":"$700.03"},{"v":4.95,"d":"$4.95"},{"v":824.5908000000001,"d":"$824.59"},{"v":0,"d":"$0.00"},{"v":0,"d":"$0.00"},{"v":1524.61674816,"d":"$1,524.62"}]
[{"$f":"IF(D243=0,\"\",1+MAX(A$12:A242))","v":210},null,"6\" Bottom Plate",{"$f":"D240","v":151.44},"LF",{"v":0.1,"d":"10%"},{"v":166.584,"d":"166.58"},{"v":0.098,"d":"0.10"},{"v":42.88,"d":"$42.88"},{"v":16.325232,"d":"16.33"},{"v":700.02594816,"d":"$700.03"},{"v":4.95,"d":"$4.95"},{"v":824.5908000000001,"d":"$824.59"},{"v":0,"d":"$0.00"},{"v":0,"d":"$0.00"},{"v":1524.61674816,"d":"$1,524.62"}]
[{"$f":"IF(D244=0,\"\",1+MAX(A$12:A243))","v":211},null,"5/8\" Type 'X' Gypsum Wall Board Both Side (15'-6\" High) ",{"$f":"D240*15.5*2","v":{"v":4694.64,"d":"4,694.64"}},"SF",{"v":0.1,"d":"10%"},{"v":5164.104,"d":"5164.10"}]
[{"$f":"IF(D245=0,\"\",1+MAX(A$12:A244))","v":212},null,"4'x8' No of Sheets",{"$f":"ROUNDUP(D244/32,0)","v":{"v":147,"d":"147.00"}},"SHEETS",{"v":0,"d":"0%"},{"v":147,"d":"147.00"},0.48,{"v":42.88,"d":"$42.88"},{"$f":"H245*G245","v":70.56},{"$f":"I245*J245","v":{"v":3025.6128000000003,"d":"$3,025.61"}},{"v":21.47,"d":"$21.47"},{"$f":"L245*G245","v":{"v":3156.0899999999997,"d":"$3,156.09"}},{"v":0,"d":"$0.00"},{"$f":"N245*G245","v":{"v":0,"d":"$0.00"}},{"$f":"IF(D245=\"\",\"\",(K245+M245+O245))","v":{"v":6181.7028,"d":"$6,181.70"}}]
[{"$f":"IF(D246=0,\"\",1+MAX(A$12:A245))","v":213},null,"500' Tape Roll",{"$f":"ROUNDUP(D245*24/500,0)","v":{"v":8,"d":"8.00"}},"ROLLS",{"v":0,"d":"0%"},{"v":8,"d":"8.00"},{"v":5,"d":"5.00"},{"v":42.88,"d":"$42.88"},{"v":40,"d":"40.00"},{"v":1715.2,"d":"$1,715.20"},{"v":16.75,"d":"$16.75"},{"v":134,"d":"$134.00"},{"v":0,"d":"$0.00"},{"v":0,"d":"$0.00"},{"v":1849.2,"d":"$1,849.20"}]
[{"$f":"IF(D247=0,\"\",1+MAX(A$12:A246))","v":214},null,"Joint Compound",{"$f":"ROUNDUP(D244*0.053,0)","v":{"v":249,"d":"249.00"}},"LBS",{"v":0.1,"d":"10%"},{"v":273.9,"d":"273.90"},0.22,{"v":42.88,"d":"$42.88"},{"v":60.257999999999996,"d":"60.26"},{"v":2583.86304,"d":"$2,583.86"},{"v":0.5,"d":"$0.50"},{"v":136.95,"d":"$136.95"},{"v":0,"d":"$0.00"},{"v":0,"d":"$0.00"},{"v":2720.81304,"d":"$2,720.81"}]
[{"$f":"IF(D248=0,\"\",1+MAX(A$12:A247))","v":215},null,"1-1/4\" Drywall Screws",{"$f":"ROUNDUP(D244*1.33,0)","v":{"v":6244,"d":"6,244.00"}},"EA",{"v":0,"d":"0%"},{"v":6244,"d":"6244.00"},{"v":2E-3,"d":"0.00"},{"v":42.88,"d":"$42.88"},{"v":12.488,"d":"12.49"},{"v":535.48544,"d":"$535.49"},{"v":0.06,"d":"$0.06"},{"v":374.64,"d":"$374.64"},{"v":0,"d":"$0.00"},{"v":0,"d":"$0.00"},{"v":910.12544,"d":"$910.13"}]
[{"$f":"IF(D249=0,\"\",1+MAX(A$12:A248))","v":216},null,"Sealant",{"$f":"D240*4","v":605.76},"LF",{"v":0.1,"d":"10%"},{"v":666.336,"d":"666.34"},{"v":0.025,"d":"0.03"},{"v":42.88,"d":"$42.88"},{"v":16.6584,"d":"16.66"},{"v":714.3121920000001,"d":"$714.31"},{"v":0.5,"d":"$0.50"},{"v":333.168,"d":"$333.17"},{"v":0,"d":"$0.00"},{"v":0,"d":"$0.00"},{"v":1047.480192,"d":"$1,047.48"}]
[{"$f":"IF(D250=0,\"\",1+MAX(A$12:A249))","v":""}]
[{"$f":"IF(D251=0,\"\",1+MAX(A$12:A250))","v":217},null,"1/2\" Gypsum Board @ Exterior Countertop ",52.12,"SF",{"v":0.1,"d":"10%"},{"$f":"(F251*D251)+D251","v":{"v":57.331999999999994,"d":"57.33"}}]
[{"$f":"IF(D252=0,\"\",1+MAX(A$12:A251))","v":218},null,"4'x8' No of Sheets",{"$f":"ROUNDUP(D251/32,0)","v":{"v":2,"d":"2.00"}},"SHEETS",{"v":0,"d":"0%"},{"v":2,"d":"2.00"},0.48,{"v":42.88,"d":"$42.88"},{"$f":"H252*G252","v":0.96},{"$f":"I252*J252","v":{"v":41.1648,"d":"$41.16"}},{"v":15.19,"d":"$15.19"},{"$f":"L252*G252","v":{"v":30.38,"d":"$30.38"}},{"v":0,"d":"$0.00"},{"$f":"N252*G252","v":{"v":0,"d":"$0.00"}},{"$f":"IF(D252=\"\",\"\",(K252+M252+O252))","v":{"v":71.5448,"d":"$71.54"}}]
[{"$f":"IF(D253=0,\"\",1+MAX(A$12:A252))","v":219},null,"500' Tape Roll",{"$f":"ROUNDUP(D252*24/500,0)","v":{"v":1,"d":"1.00"}},"ROLLS",{"v":0,"d":"0%"},{"v":1,"d":"1.00"},{"v":5,"d":"5.00"},{"v":42.88,"d":"$42.88"},{"v":5,"d":"5.00"},{"v":214.4,"d":"$214.40"},{"v":16.75,"d":"$16.75"},{"v":16.75,"d":"$16.75"},{"v":0,"d":"$0.00"},{"v":0,"d":"$0.00"},{"v":231.15,"d":"$231.15"}]
[{"$f":"IF(D254=0,\"\",1+MAX(A$12:A253))","v":220},null,"Joint Compound",{"$f":"ROUNDUP(D251*0.053,0)","v":{"v":3,"d":"3.00"}},"LBS",{"v":0.1,"d":"10%"},{"v":3.3,"d":"3.30"},0.22,{"v":42.88,"d":"$42.88"},{"v":0.726,"d":"0.73"},{"v":31.13088,"d":"$31.13"},{"v":0.5,"d":"$0.50"},{"v":1.65,"d":"$1.65"},{"v":0,"d":"$0.00"},{"v":0,"d":"$0.00"},{"v":32.78088,"d":"$32.78"}]
[{"$f":"IF(D255=0,\"\",1+MAX(A$12:A254))","v":221},null,"1-1/4\" Drywall Screws",{"$f":"ROUNDUP(D252*20,0)","v":{"v":40,"d":"40.00"}},"EA",{"v":0,"d":"0%"},{"v":40,"d":"40.00"},{"v":2E-3,"d":"0.00"},{"v":42.88,"d":"$42.88"},0.08,{"v":3.4304,"d":"$3.43"},{"v":0.06,"d":"$0.06"},{"v":2.4,"d":"$2.40"},{"v":0,"d":"$0.00"},{"v":0,"d":"$0.00"},{"v":5.8304,"d":"$5.83"}]
[{"$f":"IF(D256=0,\"\",1+MAX(A$12:A255))","v":""},null,"Ceiling"]
[{"$f":"IF(D257=0,\"\",1+MAX(A$12:A256))","v":222},null,"ACT: Acoustical Ceiling Tile & Grid\r\n - Mfr: Armstrong\r\n - Style: Ultima Health Zone: 1935\r\n - Color: White\r\n - Size: 24\"x24\"",{"v":1650.02,"d":"1,650.02"},"SF",{"v":0.1,"d":"10%"},{"$f":"(F257*D257)+D257","v":{"v":1815.022,"d":"1815.02"}},0.12,{"v":42.88,"d":"$42.88"},{"$f":"H257*G257","v":{"v":217.80264,"d":"217.80"}},{"$f":"I257*J257","v":{"v":9339.3772032,"d":"$9,339.38"}},{"v":6.03,"d":"$6.03"},{"$f":"L257*G257","v":{"v":10944.58266,"d":"$10,944.58"}},{"v":0,"d":"$0.00"},{"$f":"N257*G257","v":{"v":0,"d":"$0.00"}},{"$f":"IF(D257=\"\",\"\",(K257+M257+O257))","v":{"v":20283.959863199998,"d":"$20,283.96"}}]
[{"$f":"IF(D258=0,\"\",1+MAX(A$12:A257))","v":223},null,"WD-1: Wood Ceiling\r\n - Mfr: Synergy Contract\r\n - Style: V-Groove Edge Wood Planks\r\n - Color: Weathered Gray\r\n - Size: 5\"x3/4\" #2 SYP",731.94,"SF",{"v":0.1,"d":"10%"},{"v":805.134,"d":"805.13"},0.09,{"v":42.88,"d":"$42.88"},{"v":72.46206,"d":"72.46"},{"v":3107.1731328,"d":"$3,107.17"},{"v":3.29,"d":"$3.29"},{"v":2648.89086,"d":"$2,648.89"},{"v":0,"d":"$0.00"},{"v":0,"d":"$0.00"},{"v":5756.0639928,"d":"$5,756.06"}]
[{"$f":"IF(D259=0,\"\",1+MAX(A$12:A258))","v":224},null,"5/8\" Moisture Resistant Gypsum Board Ceiling",337.32,"SF",{"v":0.1,"d":"10%"},{"v":371.052,"d":"371.05"}]
[{"$f":"IF(D260=0,\"\",1+MAX(A$12:A259))","v":225},null,"4'x8' No of Sheets",{"$f":"ROUNDUP(D259/32,0)","v":{"v":11,"d":"11.00"}},"SHEETS",{"v":0,"d":"0%"},{"v":11,"d":"11.00"},0.48,{"v":42.88,"d":"$42.88"},{"$f":"H260*G260","v":{"v":5.279999999999999,"d":"5.28"}},{"$f":"I260*J260","v":{"v":226.4064,"d":"$226.41"}},{"v":23.98,"d":"$23.98"},{"$f":"L260*G260","v":{"v":263.78000000000003,"d":"$263.78"}},{"v":0,"d":"$0.00"},{"$f":"N260*G260","v":{"v":0,"d":"$0.00"}},{"$f":"IF(D260=\"\",\"\",(K260+M260+O260))","v":{"v":490.18640000000005,"d":"$490.19"}}]
[{"$f":"IF(D261=0,\"\",1+MAX(A$12:A260))","v":226},null,"500' Tape Roll",{"$f":"ROUNDUP(D260*24/500,0)","v":{"v":1,"d":"1.00"}},"ROLLS",{"v":0,"d":"0%"},{"v":1,"d":"1.00"},{"v":5,"d":"5.00"},{"v":42.88,"d":"$42.88"},{"v":5,"d":"5.00"},{"v":214.4,"d":"$214.40"},{"v":16.75,"d":"$16.75"},{"v":16.75,"d":"$16.75"},{"v":0,"d":"$0.00"},{"v":0,"d":"$0.00"},{"v":231.15,"d":"$231.15"}]
[{"$f":"IF(D262=0,\"\",1+MAX(A$12:A261))","v":227},null,"Joint Compound",{"$f":"ROUNDUP(D259*0.053,0)","v":{"v":18,"d":"18.00"}},"LBS",{"v":0.1,"d":"10%"},{"v":19.8,"d":"19.80"},0.22,{"v":42.88,"d":"$42.88"},{"v":4.356,"d":"4.36"},{"v":186.78528,"d":"$186.79"},{"v":0.5,"d":"$0.50"},{"v":9.9,"d":"$9.90"},{"v":0,"d":"$0.00"},{"v":0,"d":"$0.00"},{"v":196.68528,"d":"$196.69"}]
[{"$f":"IF(D263=0,\"\",1+MAX(A$12:A262))","v":228},null,"1-1/4\" Drywall Screws",{"$f":"ROUNDUP(D259*1.33,0)","v":{"v":449,"d":"449.00"}},"EA",{"v":0,"d":"0%"},{"v":449,"d":"449.00"},{"v":2E-3,"d":"0.00"},{"v":42.88,"d":"$42.88"},{"v":0.898,"d":"0.90"},{"v":38.506240000000005,"d":"$38.51"},{"v":0.06,"d":"$0.06"},{"v":26.939999999999998,"d":"$26.94"},{"v":0,"d":"$0.00"},{"v":0,"d":"$0.00"},{"v":65.44624,"d":"$65.45"}]
[{"$f":"IF(D264=0,\"\",1+MAX(A$12:A263))","v":229},null,"5/8\" Gypsum Board Ceiling",797.46,"SF",{"v":0.1,"d":"10%"},{"v":877.206,"d":"877.21"}]
[{"$f":"IF(D265=0,\"\",1+MAX(A$12:A264))","v":230},null,"4'x8' No of Sheets",{"$f":"ROUNDUP(D264/32,0)","v":{"v":25,"d":"25.00"}},"SHEETS",{"v":0,"d":"0%"},{"v":25,"d":"25.00"},0.48,{"v":42.88,"d":"$42.88"},{"$f":"H265*G265","v":{"v":12,"d":"12.00"}},{"$f":"I265*J265","v":{"v":514.5600000000001,"d":"$514.56"}},{"v":17.86,"d":"$17.86"},{"$f":"L265*G265","v":{"v":446.5,"d":"$446.50"}},{"v":0,"d":"$0.00"},{"$f":"N265*G265","v":{"v":0,"d":"$0.00"}},{"$f":"IF(D265=\"\",\"\",(K265+M265+O265))","v":{"v":961.0600000000001,"d":"$961.06"}}]
[{"$f":"IF(D266=0,\"\",1+MAX(A$12:A265))","v":231},null,"500' Tape Roll",{"$f":"ROUNDUP(D265*24/500,0)","v":{"v":2,"d":"2.00"}},"ROLLS",{"v":0,"d":"0%"},{"v":2,"d":"2.00"},{"v":5,"d":"5.00"},{"v":42.88,"d":"$42.88"},{"v":10,"d":"10.00"},{"v":428.8,"d":"$428.80"},{"v":16.75,"d":"$16.75"},{"v":33.5,"d":"$33.50"},{"v":0,"d":"$0.00"},{"v":0,"d":"$0.00"},{"v":462.3,"d":"$462.30"}]
[{"$f":"IF(D267=0,\"\",1+MAX(A$12:A266))","v":232},null,"Joint Compound",{"$f":"ROUNDUP(D264*0.053,0)","v":{"v":43,"d":"43.00"}},"LBS",{"v":0.1,"d":"10%"},{"v":47.3,"d":"47.30"},0.22,{"v":42.88,"d":"$42.88"},{"v":10.405999999999999,"d":"10.41"},{"v":446.20928,"d":"$446.21"},{"v":0.5,"d":"$0.50"},{"v":23.65,"d":"$23.65"},{"v":0,"d":"$0.00"},{"v":0,"d":"$0.00"},{"v":469.85927999999996,"d":"$469.86"}]
[{"$f":"IF(D268=0,\"\",1+MAX(A$12:A267))","v":233},null,"1-1/4\" Drywall Screws",{"$f":"ROUNDUP(D264*1.33,0)","v":{"v":1061,"d":"1,061.00"}},"EA",{"v":0,"d":"0%"},{"v":1061,"d":"1061.00"},{"v":2E-3,"d":"0.00"},{"v":42.88,"d":"$42.88"},{"v":2.122,"d":"2.12"},{"v":90.99136,"d":"$90.99"},{"v":0.06,"d":"$0.06"},{"v":63.66,"d":"$63.66"},{"v":0,"d":"$0.00"},{"v":0,"d":"$0.00"},{"v":154.65136,"d":"$154.65"}]
[{"$f":"IF(D269=0,\"\",1+MAX(A$12:A268))","v":234},null,"5/8\" Gypsum Board Ceiling Soffit",{"v":230,"d":"230.00"},"SF",{"v":0.1,"d":"10%"},{"v":253,"d":"253.00"}]
[{"$f":"IF(D270=0,\"\",1+MAX(A$12:A269))","v":235},null,"4'x8' No of Sheets",{"$f":"ROUNDUP(D269/32,0)","v":{"v":8,"d":"8.00"}},"SHEETS",{"v":0,"d":"0%"},{"v":8,"d":"8.00"},0.48,{"v":42.88,"d":"$42.88"},{"$f":"H270*G270","v":3.84},{"$f":"I270*J270","v":{"v":164.6592,"d":"$164.66"}},{"v":17.86,"d":"$17.86"},{"$f":"L270*G270","v":{"v":142.88,"d":"$142.88"}},{"v":0,"d":"$0.00"},{"$f":"N270*G270","v":{"v":0,"d":"$0.00"}},{"$f":"IF(D270=\"\",\"\",(K270+M270+O270))","v":{"v":307.5392,"d":"$307.54"}}]
[{"$f":"IF(D271=0,\"\",1+MAX(A$12:A270))","v":236},null,"500' Tape Roll",{"$f":"ROUNDUP(D270*24/500,0)","v":{"v":1,"d":"1.00"}},"ROLLS",{"v":0,"d":"0%"},{"v":1,"d":"1.00"},{"v":5,"d":"5.00"},{"v":42.88,"d":"$42.88"},{"v":5,"d":"5.00"},{"v":214.4,"d":"$214.40"},{"v":16.75,"d":"$16.75"},{"v":16.75,"d":"$16.75"},{"v":0,"d":"$0.00"},{"v":0,"d":"$0.00"},{"v":231.15,"d":"$231.15"}]
[{"$f":"IF(D272=0,\"\",1+MAX(A$12:A271))","v":237},null,"Joint Compound",{"$f":"ROUNDUP(D269*0.053,0)","v":{"v":13,"d":"13.00"}},"LBS",{"v":0.1,"d":"10%"},{"v":14.3,"d":"14.30"},0.22,{"v":42.88,"d":"$42.88"},{"v":3.1460000000000004,"d":"3.15"},{"v":134.90048000000002,"d":"$134.90"},{"v":0.5,"d":"$0.50"},{"v":7.15,"d":"$7.15"},{"v":0,"d":"$0.00"},{"v":0,"d":"$0.00"},{"v":142.05048000000002,"d":"$142.05"}]
[{"$f":"IF(D273=0,\"\",1+MAX(A$12:A272))","v":238},null,"1-1/4\" Drywall Screws",{"$f":"ROUNDUP(D269*1.33,0)","v":{"v":306,"d":"306.00"}},"EA",{"v":0,"d":"0%"},{"v":306,"d":"306.00"},{"v":2E-3,"d":"0.00"},{"v":42.88,"d":"$42.88"},{"v":0.612,"d":"0.61"},{"v":26.24256,"d":"$26.24"},{"v":0.06,"d":"$0.06"},{"v":18.36,"d":"$18.36"},{"v":0,"d":"$0.00"},{"v":0,"d":"$0.00"},{"v":44.60256,"d":"$44.60"}]
[{"$f":"IF(D274=0,\"\",1+MAX(A$12:A273))","v":239},null,"6\" High 5/8\" Gypsum Board Ceiling Soffit",{"$f":"53.68*0.5","v":26.84},"SF",{"v":0.1,"d":"10%"},{"v":29.524,"d":"29.52"}]
[{"$f":"IF(D275=0,\"\",1+MAX(A$12:A274))","v":240},null,"4'x8' No of Sheets",{"$f":"ROUNDUP(D274/32,0)","v":{"v":1,"d":"1.00"}},"SHEETS",{"v":0,"d":"0%"},{"v":1,"d":"1.00"},0.48,{"v":42.88,"d":"$42.88"},{"$f":"H275*G275","v":0.48},{"$f":"I275*J275","v":{"v":20.5824,"d":"$20.58"}},{"v":17.86,"d":"$17.86"},{"$f":"L275*G275","v":{"v":17.86,"d":"$17.86"}},{"v":0,"d":"$0.00"},{"$f":"N275*G275","v":{"v":0,"d":"$0.00"}},{"$f":"IF(D275=\"\",\"\",(K275+M275+O275))","v":{"v":38.4424,"d":"$38.44"}}]
[{"$f":"IF(D276=0,\"\",1+MAX(A$12:A275))","v":241},null,"500' Tape Roll",{"$f":"ROUNDUP(D275*24/500,0)","v":{"v":1,"d":"1.00"}},"ROLLS",{"v":0,"d":"0%"},{"v":1,"d":"1.00"},{"v":5,"d":"5.00"},{"v":42.88,"d":"$42.88"},{"v":5,"d":"5.00"},{"v":214.4,"d":"$214.40"},{"v":16.75,"d":"$16.75"},{"v":16.75,"d":"$16.75"},{"v":0,"d":"$0.00"},{"v":0,"d":"$0.00"},{"v":231.15,"d":"$231.15"}]
[{"$f":"IF(D277=0,\"\",1+MAX(A$12:A276))","v":242},null,"Joint Compound",{"$f":"ROUNDUP(D274*0.053,0)","v":{"v":2,"d":"2.00"}},"LBS",{"v":0.1,"d":"10%"},{"v":2.2,"d":"2.20"},0.22,{"v":42.88,"d":"$42.88"},{"v":0.48400000000000004,"d":"0.48"},{"v":20.753920000000004,"d":"$20.75"},{"v":0.5,"d":"$0.50"},{"v":1.1,"d":"$1.10"},{"v":0,"d":"$0.00"},{"v":0,"d":"$0.00"},{"v":21.853920000000006,"d":"$21.85"}]
[{"$f":"IF(D278=0,\"\",1+MAX(A$12:A277))","v":243},null,"1-1/4\" Drywall Screws",{"$f":"ROUNDUP(D274*1.33,0)","v":{"v":36,"d":"36.00"}},"EA",{"v":0,"d":"0%"},{"v":36,"d":"36.00"},{"v":2E-3,"d":"0.00"},{"v":42.88,"d":"$42.88"},{"v":0.07200000000000001,"d":"0.07"},{"v":3.0873600000000003,"d":"$3.09"},{"v":0.06,"d":"$0.06"},{"v":2.16,"d":"$2.16"},{"v":0,"d":"$0.00"},{"v":0,"d":"$0.00"},{"v":5.2473600000000005,"d":"$5.25"}]
[{"$f":"IF(D279=0,\"\",1+MAX(A$12:A278))","v":244},null,"8'-0\" High 5/8\" Gypsum Board Ceiling Soffit",{"$f":"123.85*8","v":{"v":990.8,"d":"990.80"}},"SF",{"v":0.1,"d":"10%"},{"v":1089.8799999999999,"d":"1089.88"}]
[{"$f":"IF(D280=0,\"\",1+MAX(A$12:A279))","v":245},null,"4'x8' No of Sheets",{"$f":"ROUNDUP(D279/32,0)","v":{"v":31,"d":"31.00"}},"SHEETS",{"v":0,"d":"0%"},{"v":31,"d":"31.00"},0.48,{"v":42.88,"d":"$42.88"},{"$f":"H280*G280","v":{"v":14.879999999999999,"d":"14.88"}},{"$f":"I280*J280","v":{"v":638.0544,"d":"$638.05"}},{"v":17.86,"d":"$17.86"},{"$f":"L280*G280","v":{"v":553.66,"d":"$553.66"}},{"v":0,"d":"$0.00"},{"$f":"N280*G280","v":{"v":0,"d":"$0.00"}},{"$f":"IF(D280=\"\",\"\",(K280+M280+O280))","v":{"v":1191.7143999999998,"d":"$1,191.71"}}]
[{"$f":"IF(D281=0,\"\",1+MAX(A$12:A280))","v":246},null,"500' Tape Roll",{"$f":"ROUNDUP(D280*24/500,0)","v":{"v":2,"d":"2.00"}},"ROLLS",{"v":0,"d":"0%"},{"v":2,"d":"2.00"},{"v":5,"d":"5.00"},{"v":42.88,"d":"$42.88"},{"v":10,"d":"10.00"},{"v":428.8,"d":"$428.80"},{"v":16.75,"d":"$16.75"},{"v":33.5,"d":"$33.50"},{"v":0,"d":"$0.00"},{"v":0,"d":"$0.00"},{"v":462.3,"d":"$462.30"}]
[{"$f":"IF(D282=0,\"\",1+MAX(A$12:A281))","v":247},null,"Joint Compound",{"$f":"ROUNDUP(D279*0.053,0)","v":{"v":53,"d":"53.00"}},"LBS",{"v":0.1,"d":"10%"},{"v":58.3,"d":"58.30"},0.22,{"v":42.88,"d":"$42.88"},{"v":12.825999999999999,"d":"12.83"},{"v":549.97888,"d":"$549.98"},{"v":0.5,"d":"$0.50"},{"v":29.15,"d":"$29.15"},{"v":0,"d":"$0.00"},{"v":0,"d":"$0.00"},{"v":579.12888,"d":"$579.13"}]
[{"$f":"IF(D283=0,\"\",1+MAX(A$12:A282))","v":248},null,"1-1/4\" Drywall Screws",{"$f":"ROUNDUP(D279*1.33,0)","v":{"v":1318,"d":"1,318.00"}},"EA",{"v":0,"d":"0%"},{"v":1318,"d":"1318.00"},{"v":2E-3,"d":"0.00"},{"v":42.88,"d":"$42.88"},{"v":2.636,"d":"2.64"},{"v":113.03168000000001,"d":"$113.03"},{"v":0.06,"d":"$0.06"},{"v":79.08,"d":"$79.08"},{"v":0,"d":"$0.00"},{"v":0,"d":"$0.00"},{"v":192.11168,"d":"$192.11"}]
[{"$f":"IF(D284=0,\"\",1+MAX(A$12:A283))","v":249},null,"9'-6\" High 5/8\" Gypsum Board Ceiling Soffit",{"$f":"36*9.5","v":{"v":342,"d":"342.00"}},"SF",{"v":0.1,"d":"10%"},{"v":376.2,"d":"376.20"}]
[{"$f":"IF(D285=0,\"\",1+MAX(A$12:A284))","v":250},null,"4'x8' No of Sheets",{"$f":"ROUNDUP(D284/32,0)","v":{"v":11,"d":"11.00"}},"SHEETS",{"v":0,"d":"0%"},{"v":11,"d":"11.00"},0.48,{"v":42.88,"d":"$42.88"},{"$f":"H285*G285","v":{"v":5.279999999999999,"d":"5.28"}},{"$f":"I285*J285","v":{"v":226.4064,"d":"$226.41"}},{"v":17.86,"d":"$17.86"},{"$f":"L285*G285","v":{"v":196.45999999999998,"d":"$196.46"}},{"v":0,"d":"$0.00"},{"$f":"N285*G285","v":{"v":0,"d":"$0.00"}},{"$f":"IF(D285=\"\",\"\",(K285+M285+O285))","v":{"v":422.8664,"d":"$422.87"}}]
[{"$f":"IF(D286=0,\"\",1+MAX(A$12:A285))","v":251},null,"500' Tape Roll",{"$f":"ROUNDUP(D285*24/500,0)","v":{"v":1,"d":"1.00"}},"ROLLS",{"v":0,"d":"0%"},{"v":1,"d":"1.00"},{"v":5,"d":"5.00"},{"v":42.88,"d":"$42.88"},{"v":5,"d":"5.00"},{"v":214.4,"d":"$214.40"},{"v":16.75,"d":"$16.75"},{"v":16.75,"d":"$16.75"},{"v":0,"d":"$0.00"},{"v":0,"d":"$0.00"},{"v":231.15,"d":"$231.15"}]
[{"$f":"IF(D287=0,\"\",1+MAX(A$12:A286))","v":252},null,"Joint Compound",{"$f":"ROUNDUP(D284*0.053,0)","v":{"v":19,"d":"19.00"}},"LBS",{"v":0.1,"d":"10%"},{"v":20.9,"d":"20.90"},0.22,{"v":42.88,"d":"$42.88"},{"v":4.598,"d":"4.60"},{"v":197.16224,"d":"$197.16"},{"v":0.5,"d":"$0.50"},{"v":10.45,"d":"$10.45"},{"v":0,"d":"$0.00"},{"v":0,"d":"$0.00"},{"v":207.61223999999999,"d":"$207.61"}]
[{"$f":"IF(D288=0,\"\",1+MAX(A$12:A287))","v":253},null,"1-1/4\" Drywall Screws",{"$f":"ROUNDUP(D284*1.33,0)","v":{"v":455,"d":"455.00"}},"EA",{"v":0,"d":"0%"},{"v":455,"d":"455.00"},{"v":2E-3,"d":"0.00"},{"v":42.88,"d":"$42.88"},0.91,{"v":39.0208,"d":"$39.02"},{"v":0.06,"d":"$0.06"},{"v":27.3,"d":"$27.30"},{"v":0,"d":"$0.00"},{"v":0,"d":"$0.00"},{"v":66.3208,"d":"$66.32"}]
[{"$f":"IF(D289=0,\"\",1+MAX(A$12:A288))","v":""},null,"Wall Finishes"]
[{"$f":"IF(D290=0,\"\",1+MAX(A$12:A289))","v":""},null,"FRP"]
[{"$f":"IF(D291=0,\"\",1+MAX(A$12:A290))","v":254},null,"FRP-1: Fiber Reinforced Panels\n - Mfr: Marlite\n - Style: Pebbled Surface\n - Color: P-100 White",{"v":3818,"d":"3,818.00"},"SF",{"v":0.1,"d":"10%"},{"$f":"(F291*D291)+D291","v":{"v":4199.8,"d":"4199.80"}},{"v":0.056,"d":"0.06"},{"v":56.94,"d":"$56.94"},{"$f":"H291*G291","v":{"v":235.18880000000001,"d":"235.19"}},{"$f":"I291*J291","v":{"v":13391.650272,"d":"$13,391.65"}},{"v":4.248125,"d":"$4.25"},{"$f":"L291*G291","v":{"v":17841.275375,"d":"$17,841.28"}},{"v":0,"d":"$0.00"},{"$f":"N291*G291","v":{"v":0,"d":"$0.00"}},{"$f":"IF(D291=\"\",\"\",(K291+M291+O291))","v":{"v":31232.925647000004,"d":"$31,232.93"}}]
[{"$f":"IF(D292=0,\"\",1+MAX(A$12:A291))","v":255},null,"FRP-3: Fiber Reinforced Panel\r\n - Mfr: Marlite\r\n - Style: Pebbled Surface\r\n - Color: Black",{"v":130.155,"d":"130.16"},"SF",{"v":0.1,"d":"10%"},{"v":143.1705,"d":"143.17"},{"v":0.056,"d":"0.06"},{"v":56.94,"d":"$56.94"},{"v":8.017548,"d":"8.02"},{"v":456.51918312,"d":"$456.52"},{"v":4.248125,"d":"$4.25"},{"v":608.2061803125,"d":"$608.21"},{"v":0,"d":"$0.00"},{"v":0,"d":"$0.00"},{"v":1064.7253634325,"d":"$1,064.73"}]
[{"$f":"IF(D293=0,\"\",1+MAX(A$12:A292))","v":""},null,"Wall Covering"]
[{"$f":"IF(D294=0,\"\",1+MAX(A$12:A293))","v":256},null,"WC-2: Wall Covering\r\n - Mfr: MDC\r\n - Style: Proximity Micro\r\n - Color: Midnight",{"v":336.5,"d":"336.50"},"SF",{"v":0.1,"d":"10%"},{"$f":"(F294*D294)+D294","v":370.15},{"v":0.045,"d":"0.05"},{"v":56.94,"d":"$56.94"},{"$f":"H294*G294","v":{"v":16.65675,"d":"16.66"}},{"$f":"I294*J294","v":{"v":948.4353449999999,"d":"$948.44"}},{"v":5.99,"d":"$5.99"},{"$f":"L294*G294","v":{"v":2217.1985,"d":"$2,217.20"}},{"v":0,"d":"$0.00"},{"$f":"N294*G294","v":{"v":0,"d":"$0.00"}},{"$f":"IF(D294=\"\",\"\",(K294+M294+O294))","v":{"v":3165.633845,"d":"$3,165.63"}}]
[{"$f":"IF(D295=0,\"\",1+MAX(A$12:A294))","v":257},null,"WC-3: Wall Covering\r\n - Mfr: Fabricut Contract\r\n - Style: Glorious Bouquet -WC\r\n - Color: Antique",379.76,"SF",{"v":0.1,"d":"10%"},{"v":417.736,"d":"417.74"},{"v":0.045,"d":"0.05"},{"v":56.94,"d":"$56.94"},{"v":18.798119999999997,"d":"18.80"},{"v":1070.3649527999999,"d":"$1,070.36"},{"v":6.32,"d":"$6.32"},{"v":2640.09152,"d":"$2,640.09"},{"v":0,"d":"$0.00"},{"v":0,"d":"$0.00"},{"v":3710.4564727999996,"d":"$3,710.46"}]
[{"$f":"IF(D296=0,\"\",1+MAX(A$12:A295))","v":""},null,"Stone Finish"]
[{"$f":"IF(D297=0,\"\",1+MAX(A$12:A296))","v":258},null,"ST-2: Stone Finish\n - Mfr: Belden\n - Style: Modular 5/8\" Flat Back - Alaska\n - Color: White Velour 23-49\n - Size: 5/8\"W x 2-1/4\" H x 7-5/8\" L\n - Grout: To Be Decided",{"v":671.4,"d":"671.40"},"SF",{"v":0.1,"d":"10%"},{"$f":"(F297*D297)+D297","v":738.54},0.15,{"v":56.94,"d":"$56.94"},{"$f":"H297*G297","v":{"v":110.78099999999999,"d":"110.78"}},{"$f":"I297*J297","v":{"v":6307.870139999999,"d":"$6,307.87"}},{"v":11.86,"d":"$11.86"},{"$f":"L297*G297","v":{"v":8759.0844,"d":"$8,759.08"}},{"v":0,"d":"$0.00"},{"$f":"N297*G297","v":{"v":0,"d":"$0.00"}},{"$f":"IF(D297=\"\",\"\",(K297+M297+O297))","v":{"v":15066.954539999999,"d":"$15,066.95"}}]
[{"$f":"IF(D298=0,\"\",1+MAX(A$12:A297))","v":""},null,"Wall Tiles"]
[{"$f":"IF(D299=0,\"\",1+MAX(A$12:A298))","v":259},null,"WT-1A,B,C: Wall Tile\r\n - Mfr: Trinity Surfaces\r\n - Style: Stardust\r\n - Color 1,2,3: Plate-Matte, Steel-Matte, Zinc-Matte\r\n - Size: 8\"x24\"",182.44,"SF",{"v":0.1,"d":"10%"},{"$f":"(F299*D299)+D299","v":{"v":200.684,"d":"200.68"}},0.12,{"v":42.88,"d":"$42.88"},{"$f":"H299*G299","v":{"v":24.082079999999998,"d":"24.08"}},{"$f":"I299*J299","v":{"v":1032.6395903999999,"d":"$1,032.64"}},{"v":7.49,"d":"$7.49"},{"$f":"L299*G299","v":{"v":1503.12316,"d":"$1,503.12"}},{"v":0,"d":"$0.00"},{"$f":"N299*G299","v":{"v":0,"d":"$0.00"}},{"$f":"IF(D299=\"\",\"\",(K299+M299+O299))","v":{"v":2535.7627504,"d":"$2,535.76"}}]
[{"$f":"IF(D300=0,\"\",1+MAX(A$12:A299))","v":260},null,"WT-2A: Wall Tile\r\n - Mfr: Trinity Surface\r\n - Style: Vidal\r\n - Color: Sea Salt-Gloss\r\n - Size: 6\"x24\" Bullnose",{"v":38.845,"d":"38.85"},"SF",{"v":0.1,"d":"10%"},{"v":42.7295,"d":"42.73"},0.12,{"v":42.88,"d":"$42.88"},{"v":5.12754,"d":"5.13"},{"v":219.8689152,"d":"$219.87"},{"v":8.94,"d":"$8.94"},{"v":382.00173,"d":"$382.00"},{"v":0,"d":"$0.00"},{"v":0,"d":"$0.00"},{"v":601.8706452,"d":"$601.87"}]
[{"$f":"IF(D301=0,\"\",1+MAX(A$12:A300))","v":261},null,"WT-2B: Wall Tile\r\n - Mfr: Trinity Surface\r\n - Style: Vidal\r\n - Color: Sea Salt-Gloss\r\n - Size: 6\"x24\"",{"v":323.465,"d":"323.47"},"SF",{"v":0.1,"d":"10%"},{"v":355.81149999999997,"d":"355.81"},0.12,{"v":42.88,"d":"$42.88"},{"v":42.697379999999995,"d":"42.70"},{"v":1830.8636543999999,"d":"$1,830.86"},{"v":8.94,"d":"$8.94"},{"v":3180.9548099999997,"d":"$3,180.95"},{"v":0,"d":"$0.00"},{"v":0,"d":"$0.00"},{"v":5011.818464399999,"d":"$5,011.82"}]
[{"$f":"IF(D302=0,\"\",1+MAX(A$12:A301))","v":262},null,"WT-3A: Wall Tile\r\n - Mfr: Trinity Surface\r\n - Style: Vidal\r\n - Color: Bright Clouds-Gloss\r\n - Size: 6\"x24\" Bullnose",40.14,"SF",{"v":0.1,"d":"10%"},{"v":44.154,"d":"44.15"},0.12,{"v":42.88,"d":"$42.88"},{"v":5.2984800000000005,"d":"5.30"},{"v":227.19882240000004,"d":"$227.20"},{"v":8.94,"d":"$8.94"},{"v":394.73676,"d":"$394.74"},{"v":0,"d":"$0.00"},{"v":0,"d":"$0.00"},{"v":621.9355824,"d":"$621.94"}]
[{"$f":"IF(D303=0,\"\",1+MAX(A$12:A302))","v":263},null,"WT-3B: Wall Tile\r\n - Mfr: Trinity Surface\r\n - Style: Vidal\r\n - Color: Bright Clouds-Gloss\r\n - Size: 6\"x24\"",263.03,"SF",{"v":0.1,"d":"10%"},{"v":289.33299999999997,"d":"289.33"},0.12,{"v":42.88,"d":"$42.88"},{"v":34.71995999999999,"d":"34.72"},{"v":1488.7918847999997,"d":"$1,488.79"},{"v":8.94,"d":"$8.94"},{"v":2586.6370199999997,"d":"$2,586.64"},{"v":0,"d":"$0.00"},{"v":0,"d":"$0.00"},{"v":4075.428904799999,"d":"$4,075.43"}]
[{"$f":"IF(D304=0,\"\",1+MAX(A$12:A303))","v":264},null,"WT-4: Wall Tile\r\n- Mfr: Trinity Surface\r\n - Style: Vidal\r\n - Color: Bright Clouds-Gloss\r\n - Size: 6\"x24\"",204.58,"SF",{"v":0.1,"d":"10%"},{"v":225.038,"d":"225.04"},0.12,{"v":42.88,"d":"$42.88"},{"v":27.00456,"d":"27.00"},{"v":1157.9555328000001,"d":"$1,157.96"},{"v":8.94,"d":"$8.94"},{"v":2011.83972,"d":"$2,011.84"},{"v":0,"d":"$0.00"},{"v":0,"d":"$0.00"},{"v":3169.7952528,"d":"$3,169.80"}]
[{"$f":"IF(D305=0,\"\",1+MAX(A$12:A304))","v":""},null,"Paints"]
[{"$f":"IF(D306=0,\"\",1+MAX(A$12:A305))","v":""},null,"Wall Paint"]
[{"$f":"IF(D307=0,\"\",1+MAX(A$12:A306))","v":265},null,"PT-4: Latex Paint On Wall\r\n - Mfr: Sherwin Williams\r\n - Style: Stain Paint\r\n - Color: SW7661 Reflection",{"v":1152.3,"d":"1,152.30"},"SF",{"v":0.1,"d":"10%"},{"$f":"(F307*D307)+D307","v":1267.53},{"v":0.022,"d":"0.02"},{"v":38.9,"d":"$38.90"},{"$f":"H307*G307","v":{"v":27.885659999999998,"d":"27.89"}},{"$f":"I307*J307","v":{"v":1084.752174,"d":"$1,084.75"}},{"v":0.45,"d":"$0.45"},{"$f":"L307*G307","v":{"v":570.3885,"d":"$570.39"}},{"v":0,"d":"$0.00"},{"$f":"N307*G307","v":{"v":0,"d":"$0.00"}},{"$f":"IF(D307=\"\",\"\",(K307+M307+O307))","v":{"v":1655.140674,"d":"$1,655.14"}}]
[{"$f":"IF(D308=0,\"\",1+MAX(A$12:A307))","v":266},null,"PT-7: Latex Paint On Wall\r\n - Mfr: Sherwin Williams\r\n - Style: Stain Paint\r\n - Color: SW6522 Sporty Blue",{"v":1359.96,"d":"1,359.96"},"SF",{"v":0.1,"d":"10%"},{"v":1495.9560000000001,"d":"1495.96"},{"v":0.022,"d":"0.02"},{"v":38.9,"d":"$38.90"},{"v":32.911032,"d":"32.91"},{"v":1280.2391447999998,"d":"$1,280.24"},{"v":0.45,"d":"$0.45"},{"v":673.1802000000001,"d":"$673.18"},{"v":0,"d":"$0.00"},{"v":0,"d":"$0.00"},{"v":1953.4193448,"d":"$1,953.42"}]
[{"$f":"IF(D309=0,\"\",1+MAX(A$12:A308))","v":""},null,"Ceiling Paint"]
[{"$f":"IF(D310=0,\"\",1+MAX(A$12:A309))","v":267},null,"PT-3: Latex Paint on Single Leaf Door\n - Mfr: Sherwin Williams\n - Style: Satin Paint\n - Color: SW 6257 Gibraltar",632.81,"SF",{"v":0.1,"d":"10%"},{"v":696.0909999999999,"d":"696.09"},{"v":0.028,"d":"0.03"},{"v":38.9,"d":"$38.90"},{"v":19.490547999999997,"d":"19.49"},{"v":758.1823171999998,"d":"$758.18"},{"v":0.45,"d":"$0.45"},{"v":313.24094999999994,"d":"$313.24"},{"v":0,"d":"$0.00"},{"v":0,"d":"$0.00"},{"v":1071.4232671999998,"d":"$1,071.42"}]
[{"$f":"IF(D311=0,\"\",1+MAX(A$12:A310))","v":268},null,"WS-2: Wood Stain Finish @ Exposed Structure\n - Mfr: PPG Proluxe\n - Style: Clear Satin\n - Color: Colorless 003",{"v":1998.1032,"d":"1,998.10"},"SF",{"v":0.1,"d":"10%"},{"v":2197.91352,"d":"2197.91"},{"v":0.028,"d":"0.03"},{"v":38.9,"d":"$38.90"},{"v":61.541578560000005,"d":"61.54"},{"v":2393.967405984,"d":"$2,393.97"},{"v":0.45,"d":"$0.45"},{"v":989.061084,"d":"$989.06"},{"v":0,"d":"$0.00"},{"v":0,"d":"$0.00"},{"v":3383.028489984,"d":"$3,383.03"}]
[{"$f":"IF(D312=0,\"\",1+MAX(A$12:A311))","v":""},null,"Door Paint"]
[{"$f":"IF(D313=0,\"\",1+MAX(A$12:A312))","v":269},null,"Latex Paint on Single Leaf Door\n - Mfr: Sherwin Williams\n - Style:  Satin Paint\n - Color:  SW 6257 Gibraltar",{"v":4,"d":"4.00"},"EA",{"v":0,"d":"0%"},{"$f":"(F313*D313)+D313","v":{"v":4,"d":"4.00"}},{"v":1.215,"d":"1.22"},{"v":38.9,"d":"$38.90"},{"$f":"H313*G313","v":4.86},{"$f":"I313*J313","v":{"v":189.054,"d":"$189.05"}},{"v":26.8,"d":"$26.80"},{"$f":"L313*G313","v":{"v":107.2,"d":"$107.20"}},{"v":0,"d":"$0.00"},{"$f":"N313*G313","v":{"v":0,"d":"$0.00"}},{"$f":"IF(D313=\"\",\"\",(K313+M313+O313))","v":{"v":296.254,"d":"$296.25"}}]
[{"$f":"IF(D314=0,\"\",1+MAX(A$12:A313))","v":270},null,"Wood Stain Finish on Single Leaf Door\n - Style:  Legendary Natural\nNote: Pine Wood Species",{"v":7,"d":"7.00"},"EA",{"v":0,"d":"0%"},{"v":7,"d":"7.00"},{"v":1.255,"d":"1.26"},{"v":38.9,"d":"$38.90"},{"v":8.785,"d":"8.79"},{"v":341.7365,"d":"$341.74"},{"v":28.75,"d":"$28.75"},{"v":201.25,"d":"$201.25"},{"v":0,"d":"$0.00"},{"v":0,"d":"$0.00"},{"v":542.9865,"d":"$542.99"}]
[{"$f":"IF(D315=0,\"\",1+MAX(A$12:A314))","v":271},null,"Paint on Door Trim",{"$f":"35*11","v":{"v":385,"d":"385.00"}},"LF",{"v":0.1,"d":"10%"},{"v":423.5,"d":"423.50"},{"v":0.018,"d":"0.02"},{"v":38.9,"d":"$38.90"},{"v":7.622999999999999,"d":"7.62"},{"v":296.5347,"d":"$296.53"},{"v":0.8,"d":"$0.80"},{"v":338.8,"d":"$338.80"},{"v":0,"d":"$0.00"},{"v":0,"d":"$0.00"},{"v":635.3347,"d":"$635.33"}]
[{"$f":"IF(D316=0,\"\",1+MAX(A$12:A315))","v":""},null,"Misc. Paint"]
[{"$f":"IF(D317=0,\"\",1+MAX(A$12:A316))","v":272},null,"Paint on 1/2\" Plywood Sheathing @ Exterior Countertop ",52.12,"SF",{"v":0.1,"d":"10%"},{"$f":"(F317*D317)+D317","v":{"v":57.331999999999994,"d":"57.33"}},{"v":0.032,"d":"0.03"},{"v":38.9,"d":"$38.90"},{"$f":"H317*G317","v":{"v":1.8346239999999998,"d":"1.83"}},{"$f":"I317*J317","v":{"v":71.36687359999999,"d":"$71.37"}},{"v":0.55,"d":"$0.55"},{"$f":"L317*G317","v":{"v":31.5326,"d":"$31.53"}},{"v":0,"d":"$0.00"},{"$f":"N317*G317","v":{"v":0,"d":"$0.00"}},{"$f":"IF(D317=\"\",\"\",(K317+M317+O317))","v":{"v":102.8994736,"d":"$102.90"}}]
[{"$f":"IF(D318=0,\"\",1+MAX(A$12:A317))","v":273},null,"Paint on 1/2\" Gypsum Board @ Exterior Countertop ",52.12,"SF",{"v":0.1,"d":"10%"},{"v":57.331999999999994,"d":"57.33"},{"v":0.032,"d":"0.03"},{"v":38.9,"d":"$38.90"},{"v":1.8346239999999998,"d":"1.83"},{"v":71.36687359999999,"d":"$71.37"},{"v":0.55,"d":"$0.55"},{"v":31.5326,"d":"$31.53"},{"v":0,"d":"$0.00"},{"v":0,"d":"$0.00"},{"v":102.8994736,"d":"$102.90"}]
[]
[{"$f":"IF(D320=0,\"\",1+MAX(A$12:A319))","v":""},null,"Exterior Finishes"]
[{"$f":"IF(D321=0,\"\",1+MAX(A$12:A320))","v":274},null,"Horizontal Cementitious Lap Siding w/ Woodgrain Finish",902.41,"SF",{"v":0.1,"d":"10%"},{"$f":"(F321*D321)+D321","v":{"v":992.651,"d":"992.65"}},0.06,{"v":56.94,"d":"$56.94"},{"$f":"H321*G321","v":{"v":59.559059999999995,"d":"59.56"}},{"$f":"I321*J321","v":{"v":3391.2928763999994,"d":"$3,391.29"}},{"v":4.83,"d":"$4.83"},{"$f":"L321*G321","v":{"v":4794.50433,"d":"$4,794.50"}},{"v":0,"d":"$0.00"},{"$f":"N321*G321","v":{"v":0,"d":"$0.00"}},{"$f":"IF(D321=\"\",\"\",(K321+M321+O321))","v":{"v":8185.797206399999,"d":"$8,185.80"}}]
[{"$f":"IF(D322=0,\"\",1+MAX(A$12:A321))","v":275},null,"Paint on Siding",902.41,"SF",{"v":0.1,"d":"10%"},{"v":992.651,"d":"992.65"},{"v":0.032,"d":"0.03"},{"v":56.94,"d":"$56.94"},{"v":31.764832,"d":"31.76"},{"v":1808.68953408,"d":"$1,808.69"},{"v":0.55,"d":"$0.55"},{"v":545.9580500000001,"d":"$545.96"},{"v":0,"d":"$0.00"},{"v":0,"d":"$0.00"},{"v":2354.64758408,"d":"$2,354.65"}]
[{"$f":"IF(D323=0,\"\",1+MAX(A$12:A322))","v":276},null,"Stone Veneer",{"v":84.329,"d":"84.33"},"SF",{"v":0.1,"d":"10%"},{"v":92.7619,"d":"92.76"},0.15,{"v":56.94,"d":"$56.94"},{"v":13.914285,"d":"13.91"},{"v":792.2793879,"d":"$792.28"},{"v":10.74,"d":"$10.74"},{"v":996.262806,"d":"$996.26"},{"v":0,"d":"$0.00"},{"v":0,"d":"$0.00"},{"v":1788.5421938999998,"d":"$1,788.54"}]
[{"$f":"IF(E324=0,\"\",1+MAX(#REF!))","v":""},{"$nulls":13},"SUBTOTAL",{"$f":"SUM(P22:P323)","v":{"v":250706.03507093652,"d":"$250,706.04"}}]
[]
["PROJECTED COST",{"$nulls":14},{"$f":"SUM(P11:P325)/2","v":{"v":285378.67972124706,"d":"$285,379"}}]
["OVERHEAD AND PROFIT",{"$nulls":13},{"v":0.2,"d":"20%"},{"$f":"$P$326*O327","v":{"v":57075.73594424941,"d":"$57,076"}}]
["INSURANCE",{"$nulls":13},{"v":0.03,"d":"3%"},{"$f":"$P$326*O328","v":{"v":8561.360391637412,"d":"$8,561"}}]
["CONTINGENCY",{"$nulls":13},{"v":0.05,"d":"5%"},{"$f":"$P$326*O329","v":{"v":14268.933986062353,"d":"$14,269"}}]
["SUGGESTED BID",{"$nulls":14},{"$f":"SUM(P326:P329)","v":{"v":365284.7100431963,"d":"$365,285"}}]
["NOTES:"]
[null,"General Notes: The prices used while preparing the estimate were taken from RSMeans online i.e. the standard pricing. So, it is preferred to review the prices."]
[]
[null,null,"Note",{"$nulls":9},"Legend"]
[null,1,"The drawings are scaled as per the mentioned scales on the plans.",{"$nulls":9},"LBS = Pound "]
[{"$nulls":12},"SF= Square Feet"]
[{"$nulls":12},"LF = Linear Feet"]
[{"$nulls":12},"EA = Each"]
[{"$nulls":12},"CY = Cubic Yard"]
[{"$nulls":12},"SY = Square Yard"]
[{"$nulls":12},"LOC = Location"]
[{"$nulls":12},"LS = Lum Sum"]